<?xml version="1.0" encoding="UTF-8"?>
<record
    xmlns:xsi="http://www.w3.org/2001/XMLSchema-instance"
    xsi:schemaLocation="http://www.loc.gov/MARC21/slim http://www.loc.gov/standards/marcxml/schema/MARC21slim.xsd"
    xmlns="http://www.loc.gov/MARC21/slim">

  <leader>00488    a2200193   4500</leader>
  <controlfield tag="001">110145</controlfield>
  <datafield tag="020" ind1=" " ind2=" ">
    <subfield code="a">0321118197</subfield>
  </datafield>
  <datafield tag="041" ind1=" " ind2=" ">
    <subfield code="a">por</subfield>
  </datafield>
  <datafield tag="082" ind1=" " ind2=" ">
    <subfield code="a">P Year 4 [E]</subfield>
  </datafield>
  <datafield tag="100" ind1=" " ind2=" ">
    <subfield code="a">Morrow, Peggy ett.all.</subfield>
  </datafield>
  <datafield tag="250" ind1=" " ind2=" ">
    <subfield code="a">. ed.</subfield>
  </datafield>
  <datafield tag="697" ind1=" " ind2=" ">
    <subfield code="a">Mathematics 
.</subfield>
  </datafield>
  <datafield tag="856" ind1=" " ind2=" ">
    <subfield code="u">000018/00001881.jpg</subfield>
  </datafield>
  <datafield tag="040" ind1=" " ind2=" ">
    <subfield code="a">BR-BrIDEA</subfield>
    <subfield code="c">BR-BrIDEA</subfield>
  </datafield>
  <datafield tag="090" ind1=" " ind2=" ">
    <subfield code="a">P Year 4 [E]</subfield>
    <subfield code="b">MOR</subfield>
  </datafield>
  <datafield tag="245" ind1="1" ind2="0">
    <subfield code="a">Math Makes Sense 4</subfield>
    <subfield code="c"> Peggy ett.all Morrow</subfield>
  </datafield>
  <datafield tag="260" ind1=" " ind2=" ">
    <subfield code="a">[S.l.]</subfield>
    <subfield code="b">Pearson Education Canada Inc</subfield>
    <subfield code="c">2004</subfield>
  </datafield>
  <datafield tag="942" ind1=" " ind2=" ">
    <subfield code="c">BK</subfield>
  </datafield>
  <datafield tag="952" ind1=" " ind2=" ">
    <subfield code="0">0</subfield>
    <subfield code="1">0</subfield>
    <subfield code="2">ddc</subfield>
    <subfield code="4">0</subfield>
    <subfield code="7">0</subfield>
    <subfield code="a">12.28</subfield>
    <subfield code="b">12.28</subfield>
    <subfield code="d">2016-12-01</subfield>
    <subfield code="l">1</subfield>
    <subfield code="o">P Year 4 [E]</subfield>
    <subfield code="p">00007058SSW</subfield>
    <subfield code="q">2024-11-29</subfield>
    <subfield code="r">2024-02-21 13:37:45</subfield>
    <subfield code="s">2024-02-21</subfield>
    <subfield code="w">2024-01-23</subfield>
    <subfield code="y">TXB</subfield>
  </datafield>
  <datafield tag="952" ind1=" " ind2=" ">
    <subfield code="0">0</subfield>
    <subfield code="1">0</subfield>
    <subfield code="2">ddc</subfield>
    <subfield code="4">0</subfield>
    <subfield code="7">0</subfield>
    <subfield code="a">12.28</subfield>
    <subfield code="b">12.28</subfield>
    <subfield code="d">2016-01-29</subfield>
    <subfield code="l">1</subfield>
    <subfield code="o">P Year 4 [E]</subfield>
    <subfield code="p">00007178SSW</subfield>
    <subfield code="q">2024-11-29</subfield>
    <subfield code="r">2024-02-21 13:38:11</subfield>
    <subfield code="s">2024-02-21</subfield>
    <subfield code="w">2024-01-23</subfield>
    <subfield code="y">TXB</subfield>
  </datafield>
  <datafield tag="952" ind1=" " ind2=" ">
    <subfield code="0">0</subfield>
    <subfield code="1">0</subfield>
    <subfield code="2">ddc</subfield>
    <subfield code="4">0</subfield>
    <subfield code="7">0</subfield>
    <subfield code="a">12.28</subfield>
    <subfield code="b">12.28</subfield>
    <subfield code="d">2016-09-23</subfield>
    <subfield code="l">0</subfield>
    <subfield code="o">P Year 4 [E]</subfield>
    <subfield code="p">00024635SSW</subfield>
    <subfield code="r">2024-01-23 14:43:28</subfield>
    <subfield code="w">2024-01-23</subfield>
    <subfield code="y">TXB</subfield>
  </datafield>
  <datafield tag="952" ind1=" " ind2=" ">
    <subfield code="0">0</subfield>
    <subfield code="1">0</subfield>
    <subfield code="2">ddc</subfield>
    <subfield code="4">0</subfield>
    <subfield code="7">0</subfield>
    <subfield code="a">12.28</subfield>
    <subfield code="b">12.28</subfield>
    <subfield code="d">2016-08-04</subfield>
    <subfield code="l">1</subfield>
    <subfield code="o">P Year 4 [E]</subfield>
    <subfield code="p">00024511SSW</subfield>
    <subfield code="q">2024-03-31</subfield>
    <subfield code="r">2024-01-31 13:48:13</subfield>
    <subfield code="s">2024-01-31</subfield>
    <subfield code="w">2024-01-23</subfield>
    <subfield code="y">TXB</subfield>
  </datafield>
  <datafield tag="952" ind1=" " ind2=" ">
    <subfield code="0">0</subfield>
    <subfield code="1">0</subfield>
    <subfield code="2">ddc</subfield>
    <subfield code="4">0</subfield>
    <subfield code="7">0</subfield>
    <subfield code="a">12.28</subfield>
    <subfield code="b">12.28</subfield>
    <subfield code="d">2016-09-23</subfield>
    <subfield code="l">1</subfield>
    <subfield code="o">P Year 4 [E]</subfield>
    <subfield code="p">00024638SSW</subfield>
    <subfield code="q">2024-11-29</subfield>
    <subfield code="r">2024-02-20 18:32:13</subfield>
    <subfield code="s">2024-02-20</subfield>
    <subfield code="w">2024-01-23</subfield>
    <subfield code="y">TXB</subfield>
  </datafield>
  <datafield tag="952" ind1=" " ind2=" ">
    <subfield code="0">0</subfield>
    <subfield code="1">0</subfield>
    <subfield code="2">ddc</subfield>
    <subfield code="4">0</subfield>
    <subfield code="7">0</subfield>
    <subfield code="a">12.28</subfield>
    <subfield code="b">12.28</subfield>
    <subfield code="d">2016-08-04</subfield>
    <subfield code="l">1</subfield>
    <subfield code="o">P Year 4 [E]</subfield>
    <subfield code="p">00024512SSW</subfield>
    <subfield code="q">2024-11-29</subfield>
    <subfield code="r">2024-02-20 18:16:59</subfield>
    <subfield code="s">2024-02-20</subfield>
    <subfield code="w">2024-01-23</subfield>
    <subfield code="y">TXB</subfield>
  </datafield>
  <datafield tag="952" ind1=" " ind2=" ">
    <subfield code="0">0</subfield>
    <subfield code="1">0</subfield>
    <subfield code="2">ddc</subfield>
    <subfield code="4">0</subfield>
    <subfield code="7">0</subfield>
    <subfield code="a">12.28</subfield>
    <subfield code="b">12.28</subfield>
    <subfield code="d">2015-01-22</subfield>
    <subfield code="l">1</subfield>
    <subfield code="o">P Year 4 [E]</subfield>
    <subfield code="p">00013057SSW</subfield>
    <subfield code="r">2024-07-18 14:35:48</subfield>
    <subfield code="s">2024-02-20</subfield>
    <subfield code="w">2024-01-23</subfield>
    <subfield code="y">TXB</subfield>
  </datafield>
  <datafield tag="952" ind1=" " ind2=" ">
    <subfield code="0">0</subfield>
    <subfield code="1">0</subfield>
    <subfield code="2">ddc</subfield>
    <subfield code="4">0</subfield>
    <subfield code="7">0</subfield>
    <subfield code="a">12.28</subfield>
    <subfield code="b">12.28</subfield>
    <subfield code="d">2016-09-23</subfield>
    <subfield code="l">1</subfield>
    <subfield code="o">P Year 4 [E]</subfield>
    <subfield code="p">00024636SSW</subfield>
    <subfield code="q">2024-11-29</subfield>
    <subfield code="r">2024-02-20 18:28:10</subfield>
    <subfield code="s">2024-02-20</subfield>
    <subfield code="w">2024-01-23</subfield>
    <subfield code="y">TXB</subfield>
  </datafield>
  <datafield tag="952" ind1=" " ind2=" ">
    <subfield code="0">0</subfield>
    <subfield code="1">0</subfield>
    <subfield code="2">ddc</subfield>
    <subfield code="4">0</subfield>
    <subfield code="7">0</subfield>
    <subfield code="a">12.28</subfield>
    <subfield code="b">12.28</subfield>
    <subfield code="d">2016-09-23</subfield>
    <subfield code="l">0</subfield>
    <subfield code="o">P Year 4 [E]</subfield>
    <subfield code="p">00024639SSW</subfield>
    <subfield code="r">2024-01-23 14:43:28</subfield>
    <subfield code="w">2024-01-23</subfield>
    <subfield code="y">TXB</subfield>
  </datafield>
  <datafield tag="952" ind1=" " ind2=" ">
    <subfield code="0">0</subfield>
    <subfield code="1">0</subfield>
    <subfield code="2">ddc</subfield>
    <subfield code="4">0</subfield>
    <subfield code="7">0</subfield>
    <subfield code="a">12.28</subfield>
    <subfield code="b">12.28</subfield>
    <subfield code="d">2017-12-07</subfield>
    <subfield code="l">1</subfield>
    <subfield code="o">P Year 4 [E]</subfield>
    <subfield code="p">00030874SSW</subfield>
    <subfield code="q">2024-11-29</subfield>
    <subfield code="r">2024-02-21 15:01:19</subfield>
    <subfield code="s">2024-02-21</subfield>
    <subfield code="w">2024-01-23</subfield>
    <subfield code="y">TXB</subfield>
  </datafield>
  <datafield tag="952" ind1=" " ind2=" ">
    <subfield code="0">0</subfield>
    <subfield code="1">0</subfield>
    <subfield code="2">ddc</subfield>
    <subfield code="4">0</subfield>
    <subfield code="7">0</subfield>
    <subfield code="a">12.28</subfield>
    <subfield code="b">12.28</subfield>
    <subfield code="d">2014-02-25</subfield>
    <subfield code="l">1</subfield>
    <subfield code="o">P Year 4 [E]</subfield>
    <subfield code="p">00007361SSW</subfield>
    <subfield code="q">2024-11-29</subfield>
    <subfield code="r">2024-02-21 14:17:54</subfield>
    <subfield code="s">2024-02-21</subfield>
    <subfield code="w">2024-01-23</subfield>
    <subfield code="y">TXB</subfield>
  </datafield>
  <datafield tag="952" ind1=" " ind2=" ">
    <subfield code="0">0</subfield>
    <subfield code="1">0</subfield>
    <subfield code="2">ddc</subfield>
    <subfield code="4">0</subfield>
    <subfield code="7">0</subfield>
    <subfield code="a">12.27</subfield>
    <subfield code="b">12.27</subfield>
    <subfield code="d">2014-02-14</subfield>
    <subfield code="l">0</subfield>
    <subfield code="o">AP Year 4 [E] MOR</subfield>
    <subfield code="p">00007127AGC</subfield>
    <subfield code="r">2024-01-23 14:43:28</subfield>
    <subfield code="w">2024-01-23</subfield>
    <subfield code="y">TXB</subfield>
  </datafield>
  <datafield tag="952" ind1=" " ind2=" ">
    <subfield code="0">0</subfield>
    <subfield code="1">0</subfield>
    <subfield code="2">ddc</subfield>
    <subfield code="4">0</subfield>
    <subfield code="7">0</subfield>
    <subfield code="a">12.28</subfield>
    <subfield code="b">12.28</subfield>
    <subfield code="d">2014-02-14</subfield>
    <subfield code="l">1</subfield>
    <subfield code="o">P Year 4 [E]</subfield>
    <subfield code="p">00007132SSW</subfield>
    <subfield code="q">2024-11-29</subfield>
    <subfield code="r">2024-02-21 14:27:55</subfield>
    <subfield code="s">2024-02-21</subfield>
    <subfield code="w">2024-01-23</subfield>
    <subfield code="y">TXB</subfield>
  </datafield>
  <datafield tag="952" ind1=" " ind2=" ">
    <subfield code="0">0</subfield>
    <subfield code="1">0</subfield>
    <subfield code="2">ddc</subfield>
    <subfield code="4">0</subfield>
    <subfield code="7">0</subfield>
    <subfield code="a">12.28</subfield>
    <subfield code="b">12.28</subfield>
    <subfield code="d">2014-02-14</subfield>
    <subfield code="l">1</subfield>
    <subfield code="o">P Year 4 [E]</subfield>
    <subfield code="p">00007135SSW</subfield>
    <subfield code="q">2024-11-29</subfield>
    <subfield code="r">2024-02-20 18:47:37</subfield>
    <subfield code="s">2024-02-20</subfield>
    <subfield code="w">2024-01-23</subfield>
    <subfield code="y">TXB</subfield>
  </datafield>
  <datafield tag="952" ind1=" " ind2=" ">
    <subfield code="0">0</subfield>
    <subfield code="1">0</subfield>
    <subfield code="2">ddc</subfield>
    <subfield code="4">0</subfield>
    <subfield code="7">0</subfield>
    <subfield code="a">12.27</subfield>
    <subfield code="b">12.27</subfield>
    <subfield code="d">2014-02-14</subfield>
    <subfield code="l">0</subfield>
    <subfield code="o">AP Year 4 [E] MOR</subfield>
    <subfield code="p">00007139AGC</subfield>
    <subfield code="r">2024-01-23 14:43:28</subfield>
    <subfield code="w">2024-01-23</subfield>
    <subfield code="y">TXB</subfield>
  </datafield>
  <datafield tag="952" ind1=" " ind2=" ">
    <subfield code="0">0</subfield>
    <subfield code="1">0</subfield>
    <subfield code="2">ddc</subfield>
    <subfield code="4">0</subfield>
    <subfield code="7">0</subfield>
    <subfield code="a">12.28</subfield>
    <subfield code="b">12.28</subfield>
    <subfield code="d">2014-02-14</subfield>
    <subfield code="l">1</subfield>
    <subfield code="o">P Year 4 [E]</subfield>
    <subfield code="p">00007142SSW</subfield>
    <subfield code="q">2024-11-29</subfield>
    <subfield code="r">2024-02-21 14:56:08</subfield>
    <subfield code="s">2024-02-21</subfield>
    <subfield code="w">2024-01-23</subfield>
    <subfield code="y">TXB</subfield>
  </datafield>
  <datafield tag="952" ind1=" " ind2=" ">
    <subfield code="0">0</subfield>
    <subfield code="1">0</subfield>
    <subfield code="2">ddc</subfield>
    <subfield code="4">0</subfield>
    <subfield code="7">0</subfield>
    <subfield code="a">12.28</subfield>
    <subfield code="b">12.28</subfield>
    <subfield code="d">2014-02-14</subfield>
    <subfield code="l">1</subfield>
    <subfield code="o">P Year 4 [E]</subfield>
    <subfield code="p">00007147SSW</subfield>
    <subfield code="q">2024-11-29</subfield>
    <subfield code="r">2024-02-21 15:00:56</subfield>
    <subfield code="s">2024-02-21</subfield>
    <subfield code="w">2024-01-23</subfield>
    <subfield code="y">TXB</subfield>
  </datafield>
  <datafield tag="952" ind1=" " ind2=" ">
    <subfield code="0">0</subfield>
    <subfield code="1">0</subfield>
    <subfield code="2">ddc</subfield>
    <subfield code="4">0</subfield>
    <subfield code="7">0</subfield>
    <subfield code="a">12.28</subfield>
    <subfield code="b">12.28</subfield>
    <subfield code="d">2014-02-14</subfield>
    <subfield code="l">1</subfield>
    <subfield code="o">P Year 4 [E]</subfield>
    <subfield code="p">00007150SSW</subfield>
    <subfield code="q">2024-11-29</subfield>
    <subfield code="r">2024-02-20 18:27:42</subfield>
    <subfield code="s">2024-02-20</subfield>
    <subfield code="w">2024-01-23</subfield>
    <subfield code="y">TXB</subfield>
  </datafield>
  <datafield tag="952" ind1=" " ind2=" ">
    <subfield code="0">0</subfield>
    <subfield code="1">0</subfield>
    <subfield code="2">ddc</subfield>
    <subfield code="4">0</subfield>
    <subfield code="7">0</subfield>
    <subfield code="a">12.28</subfield>
    <subfield code="b">12.28</subfield>
    <subfield code="d">2014-02-17</subfield>
    <subfield code="l">1</subfield>
    <subfield code="o">P Year 4 [E]</subfield>
    <subfield code="p">00007172SSW</subfield>
    <subfield code="q">2024-11-29</subfield>
    <subfield code="r">2024-02-21 14:14:22</subfield>
    <subfield code="s">2024-02-21</subfield>
    <subfield code="w">2024-01-23</subfield>
    <subfield code="y">TXB</subfield>
  </datafield>
  <datafield tag="952" ind1=" " ind2=" ">
    <subfield code="0">0</subfield>
    <subfield code="1">0</subfield>
    <subfield code="2">ddc</subfield>
    <subfield code="4">0</subfield>
    <subfield code="7">0</subfield>
    <subfield code="a">12.28</subfield>
    <subfield code="b">12.28</subfield>
    <subfield code="d">2014-02-17</subfield>
    <subfield code="l">0</subfield>
    <subfield code="o">P Year 4 [E]</subfield>
    <subfield code="p">00007175SSW</subfield>
    <subfield code="r">2024-01-23 14:43:28</subfield>
    <subfield code="w">2024-01-23</subfield>
    <subfield code="y">TXB</subfield>
  </datafield>
  <datafield tag="952" ind1=" " ind2=" ">
    <subfield code="0">0</subfield>
    <subfield code="1">0</subfield>
    <subfield code="2">ddc</subfield>
    <subfield code="4">0</subfield>
    <subfield code="7">0</subfield>
    <subfield code="a">12.28</subfield>
    <subfield code="b">12.28</subfield>
    <subfield code="d">2014-02-17</subfield>
    <subfield code="l">0</subfield>
    <subfield code="o">P Year 4 [E]</subfield>
    <subfield code="p">00007180SSW</subfield>
    <subfield code="r">2024-01-23 14:43:28</subfield>
    <subfield code="w">2024-01-23</subfield>
    <subfield code="y">TXB</subfield>
  </datafield>
  <datafield tag="952" ind1=" " ind2=" ">
    <subfield code="0">0</subfield>
    <subfield code="1">0</subfield>
    <subfield code="2">ddc</subfield>
    <subfield code="4">0</subfield>
    <subfield code="7">0</subfield>
    <subfield code="a">12.28</subfield>
    <subfield code="b">12.28</subfield>
    <subfield code="d">2014-02-17</subfield>
    <subfield code="l">0</subfield>
    <subfield code="o">P Year 4 [E]</subfield>
    <subfield code="p">00007188SSW</subfield>
    <subfield code="r">2024-01-23 14:43:28</subfield>
    <subfield code="w">2024-01-23</subfield>
    <subfield code="y">TXB</subfield>
  </datafield>
  <datafield tag="952" ind1=" " ind2=" ">
    <subfield code="0">0</subfield>
    <subfield code="1">0</subfield>
    <subfield code="2">ddc</subfield>
    <subfield code="4">0</subfield>
    <subfield code="7">0</subfield>
    <subfield code="a">12.28</subfield>
    <subfield code="b">12.28</subfield>
    <subfield code="d">2014-02-17</subfield>
    <subfield code="l">0</subfield>
    <subfield code="o">P Year 4 [E]</subfield>
    <subfield code="p">00007191SSW</subfield>
    <subfield code="r">2024-01-23 14:43:28</subfield>
    <subfield code="w">2024-01-23</subfield>
    <subfield code="y">TXB</subfield>
  </datafield>
  <datafield tag="952" ind1=" " ind2=" ">
    <subfield code="0">0</subfield>
    <subfield code="1">0</subfield>
    <subfield code="2">ddc</subfield>
    <subfield code="4">0</subfield>
    <subfield code="7">0</subfield>
    <subfield code="a">12.28</subfield>
    <subfield code="b">12.28</subfield>
    <subfield code="d">2014-02-17</subfield>
    <subfield code="l">1</subfield>
    <subfield code="o">P Year 4 [E]</subfield>
    <subfield code="p">00007196SSW</subfield>
    <subfield code="q">2024-11-29</subfield>
    <subfield code="r">2024-02-21 14:31:47</subfield>
    <subfield code="s">2024-02-21</subfield>
    <subfield code="w">2024-01-23</subfield>
    <subfield code="y">TXB</subfield>
  </datafield>
  <datafield tag="952" ind1=" " ind2=" ">
    <subfield code="0">0</subfield>
    <subfield code="1">0</subfield>
    <subfield code="2">ddc</subfield>
    <subfield code="4">0</subfield>
    <subfield code="7">0</subfield>
    <subfield code="a">12.28</subfield>
    <subfield code="b">12.28</subfield>
    <subfield code="d">2014-02-17</subfield>
    <subfield code="l">0</subfield>
    <subfield code="o">P Year 4 [E]</subfield>
    <subfield code="p">00007199SSW</subfield>
    <subfield code="r">2024-01-23 14:43:28</subfield>
    <subfield code="w">2024-01-23</subfield>
    <subfield code="y">TXB</subfield>
  </datafield>
  <datafield tag="952" ind1=" " ind2=" ">
    <subfield code="0">0</subfield>
    <subfield code="1">0</subfield>
    <subfield code="2">ddc</subfield>
    <subfield code="4">0</subfield>
    <subfield code="7">0</subfield>
    <subfield code="a">12.28</subfield>
    <subfield code="b">12.28</subfield>
    <subfield code="d">2014-02-13</subfield>
    <subfield code="l">1</subfield>
    <subfield code="o">P Year 4 [E]</subfield>
    <subfield code="p">00007045SSW</subfield>
    <subfield code="q">2024-11-29</subfield>
    <subfield code="r">2024-02-21 14:18:42</subfield>
    <subfield code="s">2024-02-21</subfield>
    <subfield code="w">2024-01-23</subfield>
    <subfield code="y">TXB</subfield>
  </datafield>
  <datafield tag="952" ind1=" " ind2=" ">
    <subfield code="0">0</subfield>
    <subfield code="1">0</subfield>
    <subfield code="2">ddc</subfield>
    <subfield code="4">0</subfield>
    <subfield code="7">0</subfield>
    <subfield code="a">12.28</subfield>
    <subfield code="b">12.28</subfield>
    <subfield code="d">2014-02-13</subfield>
    <subfield code="l">1</subfield>
    <subfield code="o">P Year 4 [E]</subfield>
    <subfield code="p">00007047SSW</subfield>
    <subfield code="q">2024-11-29</subfield>
    <subfield code="r">2024-02-20 18:25:56</subfield>
    <subfield code="s">2024-02-20</subfield>
    <subfield code="w">2024-01-23</subfield>
    <subfield code="y">TXB</subfield>
  </datafield>
  <datafield tag="952" ind1=" " ind2=" ">
    <subfield code="0">0</subfield>
    <subfield code="1">0</subfield>
    <subfield code="2">ddc</subfield>
    <subfield code="4">0</subfield>
    <subfield code="7">0</subfield>
    <subfield code="a">12.28</subfield>
    <subfield code="b">12.28</subfield>
    <subfield code="d">2014-02-13</subfield>
    <subfield code="l">1</subfield>
    <subfield code="o">P Year 4 [E]</subfield>
    <subfield code="p">00007055SSW</subfield>
    <subfield code="q">2024-11-29</subfield>
    <subfield code="r">2024-02-20 18:49:10</subfield>
    <subfield code="s">2024-02-20</subfield>
    <subfield code="w">2024-01-23</subfield>
    <subfield code="y">TXB</subfield>
  </datafield>
  <datafield tag="952" ind1=" " ind2=" ">
    <subfield code="0">0</subfield>
    <subfield code="1">0</subfield>
    <subfield code="2">ddc</subfield>
    <subfield code="4">0</subfield>
    <subfield code="7">0</subfield>
    <subfield code="a">12.28</subfield>
    <subfield code="b">12.28</subfield>
    <subfield code="d">2014-02-13</subfield>
    <subfield code="l">1</subfield>
    <subfield code="o">P Year 4 [E]</subfield>
    <subfield code="p">00007062SSW</subfield>
    <subfield code="q">2024-11-29</subfield>
    <subfield code="r">2024-02-20 18:11:19</subfield>
    <subfield code="s">2024-02-20</subfield>
    <subfield code="w">2024-01-23</subfield>
    <subfield code="y">TXB</subfield>
  </datafield>
  <datafield tag="952" ind1=" " ind2=" ">
    <subfield code="0">0</subfield>
    <subfield code="1">0</subfield>
    <subfield code="2">ddc</subfield>
    <subfield code="4">0</subfield>
    <subfield code="7">0</subfield>
    <subfield code="a">12.28</subfield>
    <subfield code="b">12.28</subfield>
    <subfield code="d">2014-02-13</subfield>
    <subfield code="l">1</subfield>
    <subfield code="o">P Year 4 [E]</subfield>
    <subfield code="p">00007065SSW</subfield>
    <subfield code="q">2024-11-29</subfield>
    <subfield code="r">2024-02-20 18:47:11</subfield>
    <subfield code="s">2024-02-20</subfield>
    <subfield code="w">2024-01-23</subfield>
    <subfield code="y">TXB</subfield>
  </datafield>
  <datafield tag="952" ind1=" " ind2=" ">
    <subfield code="0">0</subfield>
    <subfield code="1">0</subfield>
    <subfield code="2">ddc</subfield>
    <subfield code="4">0</subfield>
    <subfield code="7">0</subfield>
    <subfield code="a">12.28</subfield>
    <subfield code="b">12.28</subfield>
    <subfield code="d">2014-02-13</subfield>
    <subfield code="l">1</subfield>
    <subfield code="o">P Year 4 [E]</subfield>
    <subfield code="p">00007072SSW</subfield>
    <subfield code="q">2024-11-29</subfield>
    <subfield code="r">2024-02-21 13:36:41</subfield>
    <subfield code="s">2024-02-21</subfield>
    <subfield code="w">2024-01-23</subfield>
    <subfield code="y">TXB</subfield>
  </datafield>
  <datafield tag="952" ind1=" " ind2=" ">
    <subfield code="0">0</subfield>
    <subfield code="1">0</subfield>
    <subfield code="2">ddc</subfield>
    <subfield code="4">0</subfield>
    <subfield code="7">0</subfield>
    <subfield code="a">12.28</subfield>
    <subfield code="b">12.28</subfield>
    <subfield code="d">2014-02-13</subfield>
    <subfield code="l">0</subfield>
    <subfield code="o">P Year 4 [E]</subfield>
    <subfield code="p">00007075SSW</subfield>
    <subfield code="r">2024-01-23 14:43:28</subfield>
    <subfield code="w">2024-01-23</subfield>
    <subfield code="y">TXB</subfield>
  </datafield>
  <datafield tag="952" ind1=" " ind2=" ">
    <subfield code="0">0</subfield>
    <subfield code="1">0</subfield>
    <subfield code="2">ddc</subfield>
    <subfield code="4">0</subfield>
    <subfield code="7">0</subfield>
    <subfield code="a">12.28</subfield>
    <subfield code="b">12.28</subfield>
    <subfield code="d">2014-02-13</subfield>
    <subfield code="l">1</subfield>
    <subfield code="o">P Year 4 [E]</subfield>
    <subfield code="p">00007080SSW</subfield>
    <subfield code="q">2024-11-29</subfield>
    <subfield code="r">2024-02-21 13:30:59</subfield>
    <subfield code="s">2024-02-21</subfield>
    <subfield code="w">2024-01-23</subfield>
    <subfield code="y">TXB</subfield>
  </datafield>
  <datafield tag="952" ind1=" " ind2=" ">
    <subfield code="0">0</subfield>
    <subfield code="1">0</subfield>
    <subfield code="2">ddc</subfield>
    <subfield code="4">0</subfield>
    <subfield code="7">0</subfield>
    <subfield code="a">12.28</subfield>
    <subfield code="b">12.28</subfield>
    <subfield code="d">2014-02-13</subfield>
    <subfield code="l">0</subfield>
    <subfield code="o">P Year 4 [E]</subfield>
    <subfield code="p">00007082SSW</subfield>
    <subfield code="r">2024-01-23 14:43:29</subfield>
    <subfield code="w">2024-01-23</subfield>
    <subfield code="y">TXB</subfield>
  </datafield>
  <datafield tag="952" ind1=" " ind2=" ">
    <subfield code="0">0</subfield>
    <subfield code="1">0</subfield>
    <subfield code="2">ddc</subfield>
    <subfield code="4">0</subfield>
    <subfield code="7">0</subfield>
    <subfield code="a">12.28</subfield>
    <subfield code="b">12.28</subfield>
    <subfield code="d">2014-02-13</subfield>
    <subfield code="l">1</subfield>
    <subfield code="o">P Year 4 [E]</subfield>
    <subfield code="p">00007087SSW</subfield>
    <subfield code="q">2024-11-29</subfield>
    <subfield code="r">2024-02-21 13:28:14</subfield>
    <subfield code="s">2024-02-21</subfield>
    <subfield code="w">2024-01-23</subfield>
    <subfield code="y">TXB</subfield>
  </datafield>
  <datafield tag="952" ind1=" " ind2=" ">
    <subfield code="0">0</subfield>
    <subfield code="1">0</subfield>
    <subfield code="2">ddc</subfield>
    <subfield code="4">0</subfield>
    <subfield code="7">0</subfield>
    <subfield code="a">12.28</subfield>
    <subfield code="b">12.28</subfield>
    <subfield code="d">2014-02-14</subfield>
    <subfield code="l">0</subfield>
    <subfield code="o">P Year 4 [E]</subfield>
    <subfield code="p">00007129SSW</subfield>
    <subfield code="r">2024-01-23 14:43:29</subfield>
    <subfield code="w">2024-01-23</subfield>
    <subfield code="y">TXB</subfield>
  </datafield>
  <datafield tag="952" ind1=" " ind2=" ">
    <subfield code="0">0</subfield>
    <subfield code="1">0</subfield>
    <subfield code="2">ddc</subfield>
    <subfield code="4">0</subfield>
    <subfield code="7">0</subfield>
    <subfield code="a">12.28</subfield>
    <subfield code="b">12.28</subfield>
    <subfield code="d">2014-02-14</subfield>
    <subfield code="l">1</subfield>
    <subfield code="o">P Year 4 [E]</subfield>
    <subfield code="p">00007134SSW</subfield>
    <subfield code="q">2024-11-29</subfield>
    <subfield code="r">2024-02-21 14:54:14</subfield>
    <subfield code="s">2024-02-21</subfield>
    <subfield code="w">2024-01-23</subfield>
    <subfield code="y">TXB</subfield>
  </datafield>
  <datafield tag="952" ind1=" " ind2=" ">
    <subfield code="0">0</subfield>
    <subfield code="1">0</subfield>
    <subfield code="2">ddc</subfield>
    <subfield code="4">0</subfield>
    <subfield code="7">0</subfield>
    <subfield code="a">12.28</subfield>
    <subfield code="b">12.28</subfield>
    <subfield code="d">2014-02-14</subfield>
    <subfield code="l">1</subfield>
    <subfield code="o">P Year 4 [E]</subfield>
    <subfield code="p">00007141SSW</subfield>
    <subfield code="q">2024-11-29</subfield>
    <subfield code="r">2024-02-20 18:44:11</subfield>
    <subfield code="s">2024-02-20</subfield>
    <subfield code="w">2024-01-23</subfield>
    <subfield code="y">TXB</subfield>
  </datafield>
  <datafield tag="952" ind1=" " ind2=" ">
    <subfield code="0">0</subfield>
    <subfield code="1">0</subfield>
    <subfield code="2">ddc</subfield>
    <subfield code="4">0</subfield>
    <subfield code="7">0</subfield>
    <subfield code="a">12.28</subfield>
    <subfield code="b">12.28</subfield>
    <subfield code="d">2014-02-14</subfield>
    <subfield code="l">1</subfield>
    <subfield code="o">P Year 4 [E]</subfield>
    <subfield code="p">00007144SSW</subfield>
    <subfield code="q">2024-11-29</subfield>
    <subfield code="r">2024-02-21 14:37:41</subfield>
    <subfield code="s">2024-02-21</subfield>
    <subfield code="w">2024-01-23</subfield>
    <subfield code="y">TXB</subfield>
  </datafield>
  <datafield tag="952" ind1=" " ind2=" ">
    <subfield code="0">0</subfield>
    <subfield code="1">0</subfield>
    <subfield code="2">ddc</subfield>
    <subfield code="4">0</subfield>
    <subfield code="7">0</subfield>
    <subfield code="a">12.28</subfield>
    <subfield code="b">12.28</subfield>
    <subfield code="d">2014-02-14</subfield>
    <subfield code="l">1</subfield>
    <subfield code="o">P Year 4 [E]</subfield>
    <subfield code="p">00007149SSW</subfield>
    <subfield code="q">2024-11-29</subfield>
    <subfield code="r">2024-02-20 18:49:33</subfield>
    <subfield code="s">2024-02-20</subfield>
    <subfield code="w">2024-01-23</subfield>
    <subfield code="y">TXB</subfield>
  </datafield>
  <datafield tag="952" ind1=" " ind2=" ">
    <subfield code="0">0</subfield>
    <subfield code="1">0</subfield>
    <subfield code="2">ddc</subfield>
    <subfield code="4">0</subfield>
    <subfield code="7">0</subfield>
    <subfield code="a">12.28</subfield>
    <subfield code="b">12.28</subfield>
    <subfield code="d">2014-02-14</subfield>
    <subfield code="l">1</subfield>
    <subfield code="o">P Year 4 [E]</subfield>
    <subfield code="p">00007152SSW</subfield>
    <subfield code="q">2024-11-29</subfield>
    <subfield code="r">2024-02-20 18:18:04</subfield>
    <subfield code="s">2024-02-20</subfield>
    <subfield code="w">2024-01-23</subfield>
    <subfield code="y">TXB</subfield>
  </datafield>
  <datafield tag="952" ind1=" " ind2=" ">
    <subfield code="0">0</subfield>
    <subfield code="1">0</subfield>
    <subfield code="2">ddc</subfield>
    <subfield code="4">0</subfield>
    <subfield code="7">0</subfield>
    <subfield code="a">12.28</subfield>
    <subfield code="b">12.28</subfield>
    <subfield code="d">2014-02-25</subfield>
    <subfield code="l">1</subfield>
    <subfield code="o">P Year 4 [E]</subfield>
    <subfield code="p">00007359SSW</subfield>
    <subfield code="q">2024-11-29</subfield>
    <subfield code="r">2024-02-21 13:32:38</subfield>
    <subfield code="s">2024-02-21</subfield>
    <subfield code="w">2024-01-23</subfield>
    <subfield code="y">TXB</subfield>
  </datafield>
  <datafield tag="952" ind1=" " ind2=" ">
    <subfield code="0">0</subfield>
    <subfield code="1">0</subfield>
    <subfield code="2">ddc</subfield>
    <subfield code="4">0</subfield>
    <subfield code="7">0</subfield>
    <subfield code="a">12.28</subfield>
    <subfield code="b">12.28</subfield>
    <subfield code="d">2014-02-25</subfield>
    <subfield code="l">0</subfield>
    <subfield code="o">P Year 4 [E]</subfield>
    <subfield code="p">00007364SSW</subfield>
    <subfield code="r">2024-01-23 14:43:29</subfield>
    <subfield code="w">2024-01-23</subfield>
    <subfield code="y">TXB</subfield>
  </datafield>
  <datafield tag="952" ind1=" " ind2=" ">
    <subfield code="0">0</subfield>
    <subfield code="1">0</subfield>
    <subfield code="2">ddc</subfield>
    <subfield code="4">0</subfield>
    <subfield code="7">0</subfield>
    <subfield code="a">12.28</subfield>
    <subfield code="b">12.28</subfield>
    <subfield code="d">2014-02-13</subfield>
    <subfield code="l">1</subfield>
    <subfield code="o">P Year 4 [E]</subfield>
    <subfield code="p">00007088SSW</subfield>
    <subfield code="q">2024-11-29</subfield>
    <subfield code="r">2024-02-21 14:53:41</subfield>
    <subfield code="s">2024-02-21</subfield>
    <subfield code="w">2024-01-23</subfield>
    <subfield code="y">TXB</subfield>
  </datafield>
  <datafield tag="952" ind1=" " ind2=" ">
    <subfield code="0">0</subfield>
    <subfield code="1">0</subfield>
    <subfield code="2">ddc</subfield>
    <subfield code="4">0</subfield>
    <subfield code="7">0</subfield>
    <subfield code="a">12.28</subfield>
    <subfield code="b">12.28</subfield>
    <subfield code="d">2014-02-17</subfield>
    <subfield code="l">1</subfield>
    <subfield code="o">P Year 4 [E]</subfield>
    <subfield code="p">00007163SSW</subfield>
    <subfield code="q">2024-11-29</subfield>
    <subfield code="r">2024-02-20 18:35:59</subfield>
    <subfield code="s">2024-02-20</subfield>
    <subfield code="w">2024-01-23</subfield>
    <subfield code="y">TXB</subfield>
  </datafield>
  <datafield tag="952" ind1=" " ind2=" ">
    <subfield code="0">0</subfield>
    <subfield code="1">0</subfield>
    <subfield code="2">ddc</subfield>
    <subfield code="4">0</subfield>
    <subfield code="7">0</subfield>
    <subfield code="a">12.28</subfield>
    <subfield code="b">12.28</subfield>
    <subfield code="d">2014-02-17</subfield>
    <subfield code="l">0</subfield>
    <subfield code="o">P Year 4 [E]</subfield>
    <subfield code="p">00007168SSW</subfield>
    <subfield code="r">2024-01-23 14:43:29</subfield>
    <subfield code="w">2024-01-23</subfield>
    <subfield code="y">TXB</subfield>
  </datafield>
  <datafield tag="952" ind1=" " ind2=" ">
    <subfield code="0">0</subfield>
    <subfield code="1">0</subfield>
    <subfield code="2">ddc</subfield>
    <subfield code="4">0</subfield>
    <subfield code="7">0</subfield>
    <subfield code="a">12.28</subfield>
    <subfield code="b">12.28</subfield>
    <subfield code="d">2014-02-17</subfield>
    <subfield code="l">0</subfield>
    <subfield code="o">P Year 4 [E]</subfield>
    <subfield code="p">00007170SSW</subfield>
    <subfield code="r">2024-01-23 14:43:29</subfield>
    <subfield code="w">2024-01-23</subfield>
    <subfield code="y">TXB</subfield>
  </datafield>
  <datafield tag="952" ind1=" " ind2=" ">
    <subfield code="0">0</subfield>
    <subfield code="1">0</subfield>
    <subfield code="2">ddc</subfield>
    <subfield code="4">0</subfield>
    <subfield code="7">0</subfield>
    <subfield code="a">12.28</subfield>
    <subfield code="b">12.28</subfield>
    <subfield code="d">2014-02-17</subfield>
    <subfield code="l">1</subfield>
    <subfield code="o">P Year 4 [E]</subfield>
    <subfield code="p">00007173SSW</subfield>
    <subfield code="q">2024-11-29</subfield>
    <subfield code="r">2024-02-20 18:30:23</subfield>
    <subfield code="s">2024-02-20</subfield>
    <subfield code="w">2024-01-23</subfield>
    <subfield code="y">TXB</subfield>
  </datafield>
  <datafield tag="952" ind1=" " ind2=" ">
    <subfield code="0">0</subfield>
    <subfield code="1">0</subfield>
    <subfield code="2">ddc</subfield>
    <subfield code="4">0</subfield>
    <subfield code="7">0</subfield>
    <subfield code="a">12.28</subfield>
    <subfield code="b">12.28</subfield>
    <subfield code="d">2014-02-17</subfield>
    <subfield code="l">1</subfield>
    <subfield code="o">P Year 4 [E]</subfield>
    <subfield code="p">00007181SSW</subfield>
    <subfield code="q">2024-11-29</subfield>
    <subfield code="r">2024-02-21 14:56:30</subfield>
    <subfield code="s">2024-02-21</subfield>
    <subfield code="w">2024-01-23</subfield>
    <subfield code="y">TXB</subfield>
  </datafield>
  <datafield tag="952" ind1=" " ind2=" ">
    <subfield code="0">0</subfield>
    <subfield code="1">0</subfield>
    <subfield code="2">ddc</subfield>
    <subfield code="4">0</subfield>
    <subfield code="7">0</subfield>
    <subfield code="a">12.28</subfield>
    <subfield code="b">12.28</subfield>
    <subfield code="d">2014-02-17</subfield>
    <subfield code="l">1</subfield>
    <subfield code="o">P Year 4 [E]</subfield>
    <subfield code="p">00007186SSW</subfield>
    <subfield code="q">2024-11-29</subfield>
    <subfield code="r">2024-02-20 18:33:43</subfield>
    <subfield code="s">2024-02-20</subfield>
    <subfield code="w">2024-01-23</subfield>
    <subfield code="y">TXB</subfield>
  </datafield>
  <datafield tag="952" ind1=" " ind2=" ">
    <subfield code="0">0</subfield>
    <subfield code="1">0</subfield>
    <subfield code="2">ddc</subfield>
    <subfield code="4">0</subfield>
    <subfield code="7">0</subfield>
    <subfield code="a">12.28</subfield>
    <subfield code="b">12.28</subfield>
    <subfield code="d">2014-02-17</subfield>
    <subfield code="l">1</subfield>
    <subfield code="o">P Year 4 [E]</subfield>
    <subfield code="p">00007189SSW</subfield>
    <subfield code="q">2024-11-29</subfield>
    <subfield code="r">2024-02-20 18:44:42</subfield>
    <subfield code="s">2024-02-20</subfield>
    <subfield code="w">2024-01-23</subfield>
    <subfield code="y">TXB</subfield>
  </datafield>
  <datafield tag="952" ind1=" " ind2=" ">
    <subfield code="0">0</subfield>
    <subfield code="1">0</subfield>
    <subfield code="2">ddc</subfield>
    <subfield code="4">0</subfield>
    <subfield code="7">0</subfield>
    <subfield code="a">12.28</subfield>
    <subfield code="b">12.28</subfield>
    <subfield code="d">2014-02-17</subfield>
    <subfield code="l">0</subfield>
    <subfield code="o">P Year 4 [E]</subfield>
    <subfield code="p">00007197SSW</subfield>
    <subfield code="r">2024-01-23 14:43:29</subfield>
    <subfield code="w">2024-01-23</subfield>
    <subfield code="y">TXB</subfield>
  </datafield>
  <datafield tag="952" ind1=" " ind2=" ">
    <subfield code="0">0</subfield>
    <subfield code="1">0</subfield>
    <subfield code="2">ddc</subfield>
    <subfield code="4">0</subfield>
    <subfield code="7">0</subfield>
    <subfield code="a">12.28</subfield>
    <subfield code="b">12.28</subfield>
    <subfield code="d">2014-02-13</subfield>
    <subfield code="l">1</subfield>
    <subfield code="o">P Year 4 [E]</subfield>
    <subfield code="p">00007043SSW</subfield>
    <subfield code="q">2024-11-29</subfield>
    <subfield code="r">2024-02-20 18:29:17</subfield>
    <subfield code="s">2024-02-20</subfield>
    <subfield code="w">2024-01-23</subfield>
    <subfield code="y">TXB</subfield>
  </datafield>
  <datafield tag="952" ind1=" " ind2=" ">
    <subfield code="0">0</subfield>
    <subfield code="1">0</subfield>
    <subfield code="2">ddc</subfield>
    <subfield code="4">0</subfield>
    <subfield code="7">0</subfield>
    <subfield code="a">12.28</subfield>
    <subfield code="b">12.28</subfield>
    <subfield code="d">2014-02-13</subfield>
    <subfield code="l">1</subfield>
    <subfield code="o">P Year 4 [E]</subfield>
    <subfield code="p">00007052SSW</subfield>
    <subfield code="q">2024-11-29</subfield>
    <subfield code="r">2024-02-21 14:28:26</subfield>
    <subfield code="s">2024-02-21</subfield>
    <subfield code="w">2024-01-23</subfield>
    <subfield code="y">TXB</subfield>
  </datafield>
  <datafield tag="952" ind1=" " ind2=" ">
    <subfield code="0">0</subfield>
    <subfield code="1">0</subfield>
    <subfield code="2">ddc</subfield>
    <subfield code="4">0</subfield>
    <subfield code="7">0</subfield>
    <subfield code="a">12.28</subfield>
    <subfield code="b">12.28</subfield>
    <subfield code="d">2014-02-13</subfield>
    <subfield code="l">1</subfield>
    <subfield code="o">P Year 4 [E]</subfield>
    <subfield code="p">00007056SSW</subfield>
    <subfield code="q">2024-11-29</subfield>
    <subfield code="r">2024-02-21 14:16:09</subfield>
    <subfield code="s">2024-02-21</subfield>
    <subfield code="w">2024-01-23</subfield>
    <subfield code="y">TXB</subfield>
  </datafield>
  <datafield tag="952" ind1=" " ind2=" ">
    <subfield code="0">0</subfield>
    <subfield code="1">0</subfield>
    <subfield code="2">ddc</subfield>
    <subfield code="4">0</subfield>
    <subfield code="7">0</subfield>
    <subfield code="a">12.28</subfield>
    <subfield code="b">12.28</subfield>
    <subfield code="d">2014-02-13</subfield>
    <subfield code="l">1</subfield>
    <subfield code="o">P Year 4 [E]</subfield>
    <subfield code="p">00007063SSW</subfield>
    <subfield code="q">2024-11-29</subfield>
    <subfield code="r">2024-02-21 14:49:14</subfield>
    <subfield code="s">2024-02-21</subfield>
    <subfield code="w">2024-01-23</subfield>
    <subfield code="y">TXB</subfield>
  </datafield>
  <datafield tag="952" ind1=" " ind2=" ">
    <subfield code="0">0</subfield>
    <subfield code="1">0</subfield>
    <subfield code="2">ddc</subfield>
    <subfield code="4">0</subfield>
    <subfield code="7">0</subfield>
    <subfield code="a">12.28</subfield>
    <subfield code="b">12.28</subfield>
    <subfield code="d">2014-02-13</subfield>
    <subfield code="l">1</subfield>
    <subfield code="o">P Year 4 [E]</subfield>
    <subfield code="p">00007068SSW</subfield>
    <subfield code="q">2024-11-29</subfield>
    <subfield code="r">2024-02-21 13:41:44</subfield>
    <subfield code="s">2024-02-21</subfield>
    <subfield code="w">2024-01-23</subfield>
    <subfield code="y">TXB</subfield>
  </datafield>
  <datafield tag="952" ind1=" " ind2=" ">
    <subfield code="0">0</subfield>
    <subfield code="1">0</subfield>
    <subfield code="2">ddc</subfield>
    <subfield code="4">0</subfield>
    <subfield code="7">0</subfield>
    <subfield code="a">12.28</subfield>
    <subfield code="b">12.28</subfield>
    <subfield code="d">2014-02-13</subfield>
    <subfield code="l">1</subfield>
    <subfield code="o">P Year 4 [E]</subfield>
    <subfield code="p">00007073SSW</subfield>
    <subfield code="q">2024-11-29</subfield>
    <subfield code="r">2024-02-21 14:20:43</subfield>
    <subfield code="s">2024-02-21</subfield>
    <subfield code="w">2024-01-23</subfield>
    <subfield code="y">TXB</subfield>
  </datafield>
  <datafield tag="952" ind1=" " ind2=" ">
    <subfield code="0">0</subfield>
    <subfield code="1">0</subfield>
    <subfield code="2">ddc</subfield>
    <subfield code="4">0</subfield>
    <subfield code="7">0</subfield>
    <subfield code="a">12.28</subfield>
    <subfield code="b">12.28</subfield>
    <subfield code="d">2014-02-13</subfield>
    <subfield code="l">1</subfield>
    <subfield code="o">P Year 4 [E]</subfield>
    <subfield code="p">00007078SSW</subfield>
    <subfield code="q">2024-11-29</subfield>
    <subfield code="r">2024-02-20 18:48:05</subfield>
    <subfield code="s">2024-02-20</subfield>
    <subfield code="w">2024-01-23</subfield>
    <subfield code="y">TXB</subfield>
  </datafield>
  <datafield tag="952" ind1=" " ind2=" ">
    <subfield code="0">0</subfield>
    <subfield code="1">0</subfield>
    <subfield code="2">ddc</subfield>
    <subfield code="4">0</subfield>
    <subfield code="7">0</subfield>
    <subfield code="a">12.28</subfield>
    <subfield code="b">12.28</subfield>
    <subfield code="d">2014-02-14</subfield>
    <subfield code="l">1</subfield>
    <subfield code="o">P Year 4 [E]</subfield>
    <subfield code="p">00007130SSW</subfield>
    <subfield code="q">2024-11-29</subfield>
    <subfield code="r">2024-02-21 14:18:19</subfield>
    <subfield code="s">2024-02-21</subfield>
    <subfield code="w">2024-01-23</subfield>
    <subfield code="y">TXB</subfield>
  </datafield>
  <datafield tag="952" ind1=" " ind2=" ">
    <subfield code="0">0</subfield>
    <subfield code="1">0</subfield>
    <subfield code="2">ddc</subfield>
    <subfield code="4">0</subfield>
    <subfield code="7">0</subfield>
    <subfield code="a">12.28</subfield>
    <subfield code="b">12.28</subfield>
    <subfield code="d">2014-02-14</subfield>
    <subfield code="l">1</subfield>
    <subfield code="o">P Year 4 [E]</subfield>
    <subfield code="p">00007133SSW</subfield>
    <subfield code="q">2024-11-29</subfield>
    <subfield code="r">2024-02-20 18:32:35</subfield>
    <subfield code="s">2024-02-20</subfield>
    <subfield code="w">2024-01-23</subfield>
    <subfield code="y">TXB</subfield>
  </datafield>
  <datafield tag="952" ind1=" " ind2=" ">
    <subfield code="0">0</subfield>
    <subfield code="1">0</subfield>
    <subfield code="2">ddc</subfield>
    <subfield code="4">0</subfield>
    <subfield code="7">0</subfield>
    <subfield code="a">12.28</subfield>
    <subfield code="b">12.28</subfield>
    <subfield code="d">2014-02-14</subfield>
    <subfield code="l">1</subfield>
    <subfield code="o">P Year 4 [E]</subfield>
    <subfield code="p">00007140SSW</subfield>
    <subfield code="q">2024-11-29</subfield>
    <subfield code="r">2024-02-21 13:45:53</subfield>
    <subfield code="s">2024-02-21</subfield>
    <subfield code="w">2024-01-23</subfield>
    <subfield code="y">TXB</subfield>
  </datafield>
  <datafield tag="952" ind1=" " ind2=" ">
    <subfield code="0">0</subfield>
    <subfield code="1">0</subfield>
    <subfield code="2">ddc</subfield>
    <subfield code="4">0</subfield>
    <subfield code="7">0</subfield>
    <subfield code="a">12.28</subfield>
    <subfield code="b">12.28</subfield>
    <subfield code="d">2014-02-14</subfield>
    <subfield code="l">1</subfield>
    <subfield code="o">P Year 4 [E]</subfield>
    <subfield code="p">00007145SSW</subfield>
    <subfield code="q">2024-11-29</subfield>
    <subfield code="r">2024-02-20 18:21:44</subfield>
    <subfield code="s">2024-02-20</subfield>
    <subfield code="w">2024-01-23</subfield>
    <subfield code="y">TXB</subfield>
  </datafield>
  <datafield tag="952" ind1=" " ind2=" ">
    <subfield code="0">0</subfield>
    <subfield code="1">0</subfield>
    <subfield code="2">ddc</subfield>
    <subfield code="4">0</subfield>
    <subfield code="7">0</subfield>
    <subfield code="a">12.28</subfield>
    <subfield code="b">12.28</subfield>
    <subfield code="d">2014-02-14</subfield>
    <subfield code="l">1</subfield>
    <subfield code="o">P Year 4 [E]</subfield>
    <subfield code="p">00007148SSW</subfield>
    <subfield code="q">2024-11-29</subfield>
    <subfield code="r">2024-02-21 14:14:50</subfield>
    <subfield code="s">2024-02-21</subfield>
    <subfield code="w">2024-01-23</subfield>
    <subfield code="y">TXB</subfield>
  </datafield>
  <datafield tag="952" ind1=" " ind2=" ">
    <subfield code="0">0</subfield>
    <subfield code="1">0</subfield>
    <subfield code="2">ddc</subfield>
    <subfield code="4">0</subfield>
    <subfield code="7">0</subfield>
    <subfield code="a">12.28</subfield>
    <subfield code="b">12.28</subfield>
    <subfield code="d">2014-02-14</subfield>
    <subfield code="l">0</subfield>
    <subfield code="o">P Year 4 [E]</subfield>
    <subfield code="p">00007153SSW</subfield>
    <subfield code="r">2024-01-23 14:43:29</subfield>
    <subfield code="w">2024-01-23</subfield>
    <subfield code="y">TXB</subfield>
  </datafield>
  <datafield tag="952" ind1=" " ind2=" ">
    <subfield code="0">0</subfield>
    <subfield code="1">0</subfield>
    <subfield code="2">ddc</subfield>
    <subfield code="4">0</subfield>
    <subfield code="7">0</subfield>
    <subfield code="a">12.28</subfield>
    <subfield code="b">12.28</subfield>
    <subfield code="d">2014-02-17</subfield>
    <subfield code="l">1</subfield>
    <subfield code="o">P Year 4 [E]</subfield>
    <subfield code="p">00007162SSW</subfield>
    <subfield code="q">2024-11-29</subfield>
    <subfield code="r">2024-02-21 14:54:41</subfield>
    <subfield code="s">2024-02-21</subfield>
    <subfield code="w">2024-01-23</subfield>
    <subfield code="y">TXB</subfield>
  </datafield>
  <datafield tag="952" ind1=" " ind2=" ">
    <subfield code="0">0</subfield>
    <subfield code="1">0</subfield>
    <subfield code="2">ddc</subfield>
    <subfield code="4">0</subfield>
    <subfield code="7">0</subfield>
    <subfield code="a">12.28</subfield>
    <subfield code="b">12.28</subfield>
    <subfield code="d">2014-02-17</subfield>
    <subfield code="l">1</subfield>
    <subfield code="o">P Year 4 [E]</subfield>
    <subfield code="p">00007169SSW</subfield>
    <subfield code="q">2024-11-29</subfield>
    <subfield code="r">2024-02-21 14:31:19</subfield>
    <subfield code="s">2024-02-21</subfield>
    <subfield code="w">2024-01-23</subfield>
    <subfield code="y">TXB</subfield>
  </datafield>
  <datafield tag="952" ind1=" " ind2=" ">
    <subfield code="0">0</subfield>
    <subfield code="1">0</subfield>
    <subfield code="2">ddc</subfield>
    <subfield code="4">0</subfield>
    <subfield code="7">0</subfield>
    <subfield code="a">12.28</subfield>
    <subfield code="b">12.28</subfield>
    <subfield code="d">2014-02-17</subfield>
    <subfield code="l">1</subfield>
    <subfield code="o">P Year 4 [E]</subfield>
    <subfield code="p">00007174SSW</subfield>
    <subfield code="q">2024-11-29</subfield>
    <subfield code="r">2024-02-20 18:28:54</subfield>
    <subfield code="s">2024-02-20</subfield>
    <subfield code="w">2024-01-23</subfield>
    <subfield code="y">TXB</subfield>
  </datafield>
  <datafield tag="952" ind1=" " ind2=" ">
    <subfield code="0">0</subfield>
    <subfield code="1">0</subfield>
    <subfield code="2">ddc</subfield>
    <subfield code="4">0</subfield>
    <subfield code="7">0</subfield>
    <subfield code="a">12.28</subfield>
    <subfield code="b">12.28</subfield>
    <subfield code="d">2014-02-17</subfield>
    <subfield code="l">0</subfield>
    <subfield code="o">P Year 4 [E]</subfield>
    <subfield code="p">00007177SSW</subfield>
    <subfield code="r">2024-01-23 14:43:30</subfield>
    <subfield code="w">2024-01-23</subfield>
    <subfield code="y">TXB</subfield>
  </datafield>
  <datafield tag="952" ind1=" " ind2=" ">
    <subfield code="0">0</subfield>
    <subfield code="1">0</subfield>
    <subfield code="2">ddc</subfield>
    <subfield code="4">0</subfield>
    <subfield code="7">0</subfield>
    <subfield code="a">12.28</subfield>
    <subfield code="b">12.28</subfield>
    <subfield code="d">2014-02-17</subfield>
    <subfield code="l">1</subfield>
    <subfield code="o">P Year 4 [E]</subfield>
    <subfield code="p">00007182SSW</subfield>
    <subfield code="q">2024-11-29</subfield>
    <subfield code="r">2024-02-21 14:43:28</subfield>
    <subfield code="s">2024-02-21</subfield>
    <subfield code="w">2024-01-23</subfield>
    <subfield code="y">TXB</subfield>
  </datafield>
  <datafield tag="952" ind1=" " ind2=" ">
    <subfield code="0">0</subfield>
    <subfield code="1">0</subfield>
    <subfield code="2">ddc</subfield>
    <subfield code="4">0</subfield>
    <subfield code="7">0</subfield>
    <subfield code="a">12.28</subfield>
    <subfield code="b">12.28</subfield>
    <subfield code="d">2014-02-17</subfield>
    <subfield code="l">1</subfield>
    <subfield code="o">P Year 4 [E]</subfield>
    <subfield code="p">00007185SSW</subfield>
    <subfield code="q">2024-11-29</subfield>
    <subfield code="r">2024-02-21 13:34:23</subfield>
    <subfield code="s">2024-02-21</subfield>
    <subfield code="w">2024-01-23</subfield>
    <subfield code="y">TXB</subfield>
  </datafield>
  <datafield tag="952" ind1=" " ind2=" ">
    <subfield code="0">0</subfield>
    <subfield code="1">0</subfield>
    <subfield code="2">ddc</subfield>
    <subfield code="4">0</subfield>
    <subfield code="7">0</subfield>
    <subfield code="a">12.28</subfield>
    <subfield code="b">12.28</subfield>
    <subfield code="d">2014-02-17</subfield>
    <subfield code="l">1</subfield>
    <subfield code="o">P Year 4 [E]</subfield>
    <subfield code="p">00007190SSW</subfield>
    <subfield code="q">2024-11-29</subfield>
    <subfield code="r">2024-02-20 18:08:02</subfield>
    <subfield code="s">2024-02-20</subfield>
    <subfield code="w">2024-01-23</subfield>
    <subfield code="y">TXB</subfield>
  </datafield>
  <datafield tag="952" ind1=" " ind2=" ">
    <subfield code="0">0</subfield>
    <subfield code="1">0</subfield>
    <subfield code="2">ddc</subfield>
    <subfield code="4">0</subfield>
    <subfield code="7">0</subfield>
    <subfield code="a">12.28</subfield>
    <subfield code="b">12.28</subfield>
    <subfield code="d">2014-02-17</subfield>
    <subfield code="l">1</subfield>
    <subfield code="o">P Year 4 [E]</subfield>
    <subfield code="p">00007193SSW</subfield>
    <subfield code="q">2024-11-29</subfield>
    <subfield code="r">2024-02-21 13:40:54</subfield>
    <subfield code="s">2024-02-21</subfield>
    <subfield code="w">2024-01-23</subfield>
    <subfield code="y">TXB</subfield>
  </datafield>
  <datafield tag="952" ind1=" " ind2=" ">
    <subfield code="0">0</subfield>
    <subfield code="1">0</subfield>
    <subfield code="2">ddc</subfield>
    <subfield code="4">0</subfield>
    <subfield code="7">0</subfield>
    <subfield code="a">12.28</subfield>
    <subfield code="b">12.28</subfield>
    <subfield code="d">2014-02-17</subfield>
    <subfield code="l">2</subfield>
    <subfield code="o">P Year 4 [E]</subfield>
    <subfield code="p">00007198SSW</subfield>
    <subfield code="q">2024-11-29</subfield>
    <subfield code="r">2024-02-20 18:07:00</subfield>
    <subfield code="s">2024-02-20</subfield>
    <subfield code="w">2024-01-23</subfield>
    <subfield code="y">TXB</subfield>
  </datafield>
  <datafield tag="952" ind1=" " ind2=" ">
    <subfield code="0">0</subfield>
    <subfield code="1">0</subfield>
    <subfield code="2">ddc</subfield>
    <subfield code="4">0</subfield>
    <subfield code="7">0</subfield>
    <subfield code="a">12.28</subfield>
    <subfield code="b">12.28</subfield>
    <subfield code="d">2014-02-17</subfield>
    <subfield code="l">1</subfield>
    <subfield code="o">P Year 4 [E]</subfield>
    <subfield code="p">00007201SSW</subfield>
    <subfield code="q">2024-11-29</subfield>
    <subfield code="r">2024-02-21 15:01:42</subfield>
    <subfield code="s">2024-02-21</subfield>
    <subfield code="w">2024-01-23</subfield>
    <subfield code="y">TXB</subfield>
  </datafield>
  <datafield tag="952" ind1=" " ind2=" ">
    <subfield code="0">0</subfield>
    <subfield code="1">0</subfield>
    <subfield code="2">ddc</subfield>
    <subfield code="4">0</subfield>
    <subfield code="7">0</subfield>
    <subfield code="a">12.28</subfield>
    <subfield code="b">12.28</subfield>
    <subfield code="d">2014-02-13</subfield>
    <subfield code="l">1</subfield>
    <subfield code="o">P Year 4 [E]</subfield>
    <subfield code="p">00007051SSW</subfield>
    <subfield code="q">2024-11-29</subfield>
    <subfield code="r">2024-02-20 18:15:45</subfield>
    <subfield code="s">2024-02-20</subfield>
    <subfield code="w">2024-01-23</subfield>
    <subfield code="y">TXB</subfield>
  </datafield>
  <datafield tag="952" ind1=" " ind2=" ">
    <subfield code="0">0</subfield>
    <subfield code="1">0</subfield>
    <subfield code="2">ddc</subfield>
    <subfield code="4">0</subfield>
    <subfield code="7">0</subfield>
    <subfield code="a">12.28</subfield>
    <subfield code="b">12.28</subfield>
    <subfield code="d">2014-02-13</subfield>
    <subfield code="l">0</subfield>
    <subfield code="o">P Year 4 [E]</subfield>
    <subfield code="p">00007060SSW</subfield>
    <subfield code="r">2024-01-23 14:43:30</subfield>
    <subfield code="w">2024-01-23</subfield>
    <subfield code="y">TXB</subfield>
  </datafield>
  <datafield tag="952" ind1=" " ind2=" ">
    <subfield code="0">0</subfield>
    <subfield code="1">0</subfield>
    <subfield code="2">ddc</subfield>
    <subfield code="4">0</subfield>
    <subfield code="7">0</subfield>
    <subfield code="a">12.28</subfield>
    <subfield code="b">12.28</subfield>
    <subfield code="d">2014-02-13</subfield>
    <subfield code="l">1</subfield>
    <subfield code="o">P Year 4 [E]</subfield>
    <subfield code="p">00007064SSW</subfield>
    <subfield code="q">2024-11-29</subfield>
    <subfield code="r">2024-02-20 18:10:25</subfield>
    <subfield code="s">2024-02-20</subfield>
    <subfield code="w">2024-01-23</subfield>
    <subfield code="y">TXB</subfield>
  </datafield>
  <datafield tag="952" ind1=" " ind2=" ">
    <subfield code="0">0</subfield>
    <subfield code="1">0</subfield>
    <subfield code="2">ddc</subfield>
    <subfield code="4">0</subfield>
    <subfield code="7">0</subfield>
    <subfield code="a">12.28</subfield>
    <subfield code="b">12.28</subfield>
    <subfield code="d">2014-02-13</subfield>
    <subfield code="l">0</subfield>
    <subfield code="o">P Year 4 [E]</subfield>
    <subfield code="p">00007074SSW</subfield>
    <subfield code="r">2024-01-23 14:43:30</subfield>
    <subfield code="w">2024-01-23</subfield>
    <subfield code="y">TXB</subfield>
  </datafield>
  <datafield tag="952" ind1=" " ind2=" ">
    <subfield code="0">0</subfield>
    <subfield code="1">0</subfield>
    <subfield code="2">ddc</subfield>
    <subfield code="4">0</subfield>
    <subfield code="7">0</subfield>
    <subfield code="a">12.28</subfield>
    <subfield code="b">12.28</subfield>
    <subfield code="d">2014-02-13</subfield>
    <subfield code="l">1</subfield>
    <subfield code="o">P Year 4 [E]</subfield>
    <subfield code="p">00007077SSW</subfield>
    <subfield code="q">2024-11-29</subfield>
    <subfield code="r">2024-02-20 18:43:46</subfield>
    <subfield code="s">2024-02-20</subfield>
    <subfield code="w">2024-01-23</subfield>
    <subfield code="y">TXB</subfield>
  </datafield>
  <datafield tag="952" ind1=" " ind2=" ">
    <subfield code="0">0</subfield>
    <subfield code="1">0</subfield>
    <subfield code="2">ddc</subfield>
    <subfield code="4">0</subfield>
    <subfield code="7">0</subfield>
    <subfield code="a">12.28</subfield>
    <subfield code="b">12.28</subfield>
    <subfield code="d">2014-02-13</subfield>
    <subfield code="l">1</subfield>
    <subfield code="o">P Year 4 [E]</subfield>
    <subfield code="p">00007079SSW</subfield>
    <subfield code="q">2024-06-07</subfield>
    <subfield code="r">2024-06-07 15:48:01</subfield>
    <subfield code="s">2024-06-07</subfield>
    <subfield code="w">2024-01-23</subfield>
    <subfield code="y">TXB</subfield>
  </datafield>
  <datafield tag="952" ind1=" " ind2=" ">
    <subfield code="0">0</subfield>
    <subfield code="1">0</subfield>
    <subfield code="2">ddc</subfield>
    <subfield code="4">0</subfield>
    <subfield code="7">0</subfield>
    <subfield code="a">12.28</subfield>
    <subfield code="b">12.28</subfield>
    <subfield code="d">2014-02-13</subfield>
    <subfield code="l">1</subfield>
    <subfield code="o">P Year 4 [E]</subfield>
    <subfield code="p">00007084SSW</subfield>
    <subfield code="q">2024-11-29</subfield>
    <subfield code="r">2024-02-21 14:32:08</subfield>
    <subfield code="s">2024-02-21</subfield>
    <subfield code="w">2024-01-23</subfield>
    <subfield code="y">TXB</subfield>
  </datafield>
  <datafield tag="952" ind1=" " ind2=" ">
    <subfield code="0">0</subfield>
    <subfield code="1">0</subfield>
    <subfield code="2">ddc</subfield>
    <subfield code="4">0</subfield>
    <subfield code="7">0</subfield>
    <subfield code="a">12.28</subfield>
    <subfield code="b">12.28</subfield>
    <subfield code="d">2014-02-13</subfield>
    <subfield code="l">0</subfield>
    <subfield code="o">P Year 4 [E]</subfield>
    <subfield code="p">00007089SSW</subfield>
    <subfield code="r">2024-01-23 14:43:30</subfield>
    <subfield code="w">2024-01-23</subfield>
    <subfield code="y">TXB</subfield>
  </datafield>
  <datafield tag="952" ind1=" " ind2=" ">
    <subfield code="0">0</subfield>
    <subfield code="1">0</subfield>
    <subfield code="2">ddc</subfield>
    <subfield code="4">0</subfield>
    <subfield code="7">0</subfield>
    <subfield code="a">12.28</subfield>
    <subfield code="b">12.28</subfield>
    <subfield code="d">2014-02-13</subfield>
    <subfield code="l">1</subfield>
    <subfield code="o">P Year 4 [E]</subfield>
    <subfield code="p">00007092SSW</subfield>
    <subfield code="q">2024-11-29</subfield>
    <subfield code="r">2024-02-21 14:47:29</subfield>
    <subfield code="s">2024-02-21</subfield>
    <subfield code="w">2024-01-23</subfield>
    <subfield code="y">TXB</subfield>
  </datafield>
  <datafield tag="952" ind1=" " ind2=" ">
    <subfield code="0">0</subfield>
    <subfield code="1">0</subfield>
    <subfield code="2">ddc</subfield>
    <subfield code="4">0</subfield>
    <subfield code="7">0</subfield>
    <subfield code="a">12.28</subfield>
    <subfield code="b">12.28</subfield>
    <subfield code="d">2014-02-25</subfield>
    <subfield code="l">1</subfield>
    <subfield code="o">P Year 4 [E]</subfield>
    <subfield code="p">00007358SSW</subfield>
    <subfield code="q">2024-11-29</subfield>
    <subfield code="r">2024-02-21 13:45:27</subfield>
    <subfield code="s">2024-02-21</subfield>
    <subfield code="w">2024-01-23</subfield>
    <subfield code="y">TXB</subfield>
  </datafield>
  <datafield tag="952" ind1=" " ind2=" ">
    <subfield code="0">0</subfield>
    <subfield code="1">0</subfield>
    <subfield code="2">ddc</subfield>
    <subfield code="4">0</subfield>
    <subfield code="7">0</subfield>
    <subfield code="a">12.28</subfield>
    <subfield code="b">12.28</subfield>
    <subfield code="d">2014-05-30</subfield>
    <subfield code="l">1</subfield>
    <subfield code="o">P Year 4 [E]</subfield>
    <subfield code="p">00009215SSW</subfield>
    <subfield code="r">2024-04-09 14:26:24</subfield>
    <subfield code="s">2024-02-21</subfield>
    <subfield code="w">2024-01-23</subfield>
    <subfield code="y">TXB</subfield>
  </datafield>
  <datafield tag="952" ind1=" " ind2=" ">
    <subfield code="0">0</subfield>
    <subfield code="1">0</subfield>
    <subfield code="2">ddc</subfield>
    <subfield code="4">0</subfield>
    <subfield code="7">0</subfield>
    <subfield code="a">12.28</subfield>
    <subfield code="b">12.28</subfield>
    <subfield code="d">2015-12-09</subfield>
    <subfield code="l">0</subfield>
    <subfield code="o">P Year 4 [E]</subfield>
    <subfield code="p">00007057SSW</subfield>
    <subfield code="r">2024-01-23 14:43:30</subfield>
    <subfield code="w">2024-01-23</subfield>
    <subfield code="y">TXB</subfield>
  </datafield>
  <datafield tag="952" ind1=" " ind2=" ">
    <subfield code="0">0</subfield>
    <subfield code="1">0</subfield>
    <subfield code="2">ddc</subfield>
    <subfield code="4">0</subfield>
    <subfield code="7">0</subfield>
    <subfield code="a">12.28</subfield>
    <subfield code="b">12.28</subfield>
    <subfield code="d">2016-01-29</subfield>
    <subfield code="l">1</subfield>
    <subfield code="o">P Year 4 [E]</subfield>
    <subfield code="p">00007067SSW</subfield>
    <subfield code="q">2024-11-29</subfield>
    <subfield code="r">2024-02-20 18:39:15</subfield>
    <subfield code="s">2024-02-20</subfield>
    <subfield code="w">2024-01-23</subfield>
    <subfield code="y">TXB</subfield>
  </datafield>
  <datafield tag="952" ind1=" " ind2=" ">
    <subfield code="0">0</subfield>
    <subfield code="1">0</subfield>
    <subfield code="2">ddc</subfield>
    <subfield code="4">0</subfield>
    <subfield code="7">0</subfield>
    <subfield code="a">12.28</subfield>
    <subfield code="b">12.28</subfield>
    <subfield code="d">2016-09-23</subfield>
    <subfield code="l">1</subfield>
    <subfield code="o">P Year 4 [E]</subfield>
    <subfield code="p">00024637SSW</subfield>
    <subfield code="q">2024-11-29</subfield>
    <subfield code="r">2024-02-20 18:20:54</subfield>
    <subfield code="s">2024-02-20</subfield>
    <subfield code="w">2024-01-23</subfield>
    <subfield code="y">TXB</subfield>
  </datafield>
  <datafield tag="952" ind1=" " ind2=" ">
    <subfield code="0">0</subfield>
    <subfield code="1">0</subfield>
    <subfield code="2">ddc</subfield>
    <subfield code="4">0</subfield>
    <subfield code="7">0</subfield>
    <subfield code="a">12.28</subfield>
    <subfield code="b">12.28</subfield>
    <subfield code="d">2017-12-11</subfield>
    <subfield code="l">1</subfield>
    <subfield code="o">P Year 4 [E]</subfield>
    <subfield code="p">00024633SSW</subfield>
    <subfield code="q">2024-11-29</subfield>
    <subfield code="r">2024-02-21 13:47:59</subfield>
    <subfield code="s">2024-02-21</subfield>
    <subfield code="w">2024-01-23</subfield>
    <subfield code="y">TXB</subfield>
  </datafield>
  <datafield tag="952" ind1=" " ind2=" ">
    <subfield code="0">0</subfield>
    <subfield code="1">0</subfield>
    <subfield code="2">ddc</subfield>
    <subfield code="4">0</subfield>
    <subfield code="7">0</subfield>
    <subfield code="a">12.28</subfield>
    <subfield code="b">12.28</subfield>
    <subfield code="d">2017-12-07</subfield>
    <subfield code="l">0</subfield>
    <subfield code="o">P Year 4 [E]</subfield>
    <subfield code="p">00030871SSW</subfield>
    <subfield code="r">2024-01-23 14:43:30</subfield>
    <subfield code="w">2024-01-23</subfield>
    <subfield code="y">BK</subfield>
  </datafield>
  <datafield tag="952" ind1=" " ind2=" ">
    <subfield code="0">0</subfield>
    <subfield code="1">0</subfield>
    <subfield code="2">ddc</subfield>
    <subfield code="4">0</subfield>
    <subfield code="7">0</subfield>
    <subfield code="a">12.28</subfield>
    <subfield code="b">12.28</subfield>
    <subfield code="d">2017-12-07</subfield>
    <subfield code="l">1</subfield>
    <subfield code="o">P Year 4 [E]</subfield>
    <subfield code="p">00030873SSW</subfield>
    <subfield code="q">2024-11-29</subfield>
    <subfield code="r">2024-02-21 14:56:59</subfield>
    <subfield code="s">2024-02-21</subfield>
    <subfield code="w">2024-01-23</subfield>
    <subfield code="y">TXB</subfield>
  </datafield>
  <datafield tag="952" ind1=" " ind2=" ">
    <subfield code="0">0</subfield>
    <subfield code="1">0</subfield>
    <subfield code="2">ddc</subfield>
    <subfield code="4">0</subfield>
    <subfield code="7">0</subfield>
    <subfield code="a">12.28</subfield>
    <subfield code="b">12.28</subfield>
    <subfield code="d">2019-03-19</subfield>
    <subfield code="l">1</subfield>
    <subfield code="o">P Year 4 [E]</subfield>
    <subfield code="p">00043184SSW</subfield>
    <subfield code="q">2024-11-29</subfield>
    <subfield code="r">2024-02-21 14:29:22</subfield>
    <subfield code="s">2024-02-21</subfield>
    <subfield code="w">2024-01-23</subfield>
    <subfield code="y">TXB</subfield>
  </datafield>
  <datafield tag="952" ind1=" " ind2=" ">
    <subfield code="0">0</subfield>
    <subfield code="1">0</subfield>
    <subfield code="2">ddc</subfield>
    <subfield code="4">0</subfield>
    <subfield code="7">0</subfield>
    <subfield code="a">12.28</subfield>
    <subfield code="b">12.28</subfield>
    <subfield code="d">2019-03-19</subfield>
    <subfield code="l">1</subfield>
    <subfield code="o">P Year 4 [E]</subfield>
    <subfield code="p">00043187SSW</subfield>
    <subfield code="q">2024-11-29</subfield>
    <subfield code="r">2024-02-20 18:13:18</subfield>
    <subfield code="s">2024-02-20</subfield>
    <subfield code="w">2024-01-23</subfield>
    <subfield code="y">TXB</subfield>
  </datafield>
  <datafield tag="952" ind1=" " ind2=" ">
    <subfield code="0">0</subfield>
    <subfield code="1">0</subfield>
    <subfield code="2">ddc</subfield>
    <subfield code="4">0</subfield>
    <subfield code="7">0</subfield>
    <subfield code="a">12.28</subfield>
    <subfield code="b">12.28</subfield>
    <subfield code="d">2019-03-19</subfield>
    <subfield code="l">1</subfield>
    <subfield code="o">P Year 4 [E]</subfield>
    <subfield code="p">00043192SSW</subfield>
    <subfield code="q">2024-11-29</subfield>
    <subfield code="r">2024-02-20 18:11:46</subfield>
    <subfield code="s">2024-02-20</subfield>
    <subfield code="w">2024-01-23</subfield>
    <subfield code="y">TXB</subfield>
  </datafield>
  <datafield tag="952" ind1=" " ind2=" ">
    <subfield code="0">0</subfield>
    <subfield code="1">0</subfield>
    <subfield code="2">ddc</subfield>
    <subfield code="4">0</subfield>
    <subfield code="7">0</subfield>
    <subfield code="a">12.28</subfield>
    <subfield code="b">12.28</subfield>
    <subfield code="d">2019-03-19</subfield>
    <subfield code="l">1</subfield>
    <subfield code="o">P Year 4 [E]</subfield>
    <subfield code="p">00043195SSW</subfield>
    <subfield code="q">2024-11-29</subfield>
    <subfield code="r">2024-02-21 14:38:21</subfield>
    <subfield code="s">2024-02-21</subfield>
    <subfield code="w">2024-01-23</subfield>
    <subfield code="y">TXB</subfield>
  </datafield>
  <datafield tag="952" ind1=" " ind2=" ">
    <subfield code="0">0</subfield>
    <subfield code="1">0</subfield>
    <subfield code="2">ddc</subfield>
    <subfield code="4">0</subfield>
    <subfield code="7">0</subfield>
    <subfield code="a">12.28</subfield>
    <subfield code="b">12.28</subfield>
    <subfield code="d">2019-03-19</subfield>
    <subfield code="l">1</subfield>
    <subfield code="o">P Year 4 [E]</subfield>
    <subfield code="p">00043200SSW</subfield>
    <subfield code="q">2024-11-29</subfield>
    <subfield code="r">2024-02-21 14:28:56</subfield>
    <subfield code="s">2024-02-21</subfield>
    <subfield code="w">2024-01-23</subfield>
    <subfield code="y">TXB</subfield>
  </datafield>
  <datafield tag="952" ind1=" " ind2=" ">
    <subfield code="0">0</subfield>
    <subfield code="1">0</subfield>
    <subfield code="2">ddc</subfield>
    <subfield code="4">0</subfield>
    <subfield code="7">0</subfield>
    <subfield code="a">12.28</subfield>
    <subfield code="b">12.28</subfield>
    <subfield code="d">2019-03-19</subfield>
    <subfield code="l">1</subfield>
    <subfield code="o">P Year 4 [E]</subfield>
    <subfield code="p">00043203SSW</subfield>
    <subfield code="q">2024-11-29</subfield>
    <subfield code="r">2024-02-21 15:00:30</subfield>
    <subfield code="s">2024-02-21</subfield>
    <subfield code="w">2024-01-23</subfield>
    <subfield code="y">TXB</subfield>
  </datafield>
  <datafield tag="952" ind1=" " ind2=" ">
    <subfield code="0">0</subfield>
    <subfield code="1">0</subfield>
    <subfield code="2">ddc</subfield>
    <subfield code="4">0</subfield>
    <subfield code="7">0</subfield>
    <subfield code="a">12.28</subfield>
    <subfield code="b">12.28</subfield>
    <subfield code="d">2019-03-19</subfield>
    <subfield code="l">0</subfield>
    <subfield code="o">P Year 4 [E]</subfield>
    <subfield code="p">00043208SSW</subfield>
    <subfield code="r">2024-01-23 14:43:30</subfield>
    <subfield code="w">2024-01-23</subfield>
    <subfield code="y">TXB</subfield>
  </datafield>
  <datafield tag="952" ind1=" " ind2=" ">
    <subfield code="0">0</subfield>
    <subfield code="1">0</subfield>
    <subfield code="2">ddc</subfield>
    <subfield code="4">0</subfield>
    <subfield code="7">0</subfield>
    <subfield code="a">12.28</subfield>
    <subfield code="b">12.28</subfield>
    <subfield code="d">2016-12-05</subfield>
    <subfield code="l">1</subfield>
    <subfield code="o">P Year 4 [E]</subfield>
    <subfield code="p">00007090SSW</subfield>
    <subfield code="q">2024-11-29</subfield>
    <subfield code="r">2024-02-21 14:17:29</subfield>
    <subfield code="s">2024-02-21</subfield>
    <subfield code="w">2024-01-23</subfield>
    <subfield code="y">TXB</subfield>
  </datafield>
  <datafield tag="952" ind1=" " ind2=" ">
    <subfield code="0">0</subfield>
    <subfield code="1">0</subfield>
    <subfield code="2">ddc</subfield>
    <subfield code="4">0</subfield>
    <subfield code="7">0</subfield>
    <subfield code="a">12.27</subfield>
    <subfield code="b">12.27</subfield>
    <subfield code="d">2017-12-07</subfield>
    <subfield code="l">1</subfield>
    <subfield code="o">AP Year 4 [E] MOR</subfield>
    <subfield code="p">00030870AGC</subfield>
    <subfield code="q">2024-11-29</subfield>
    <subfield code="r">2024-02-26 17:17:41</subfield>
    <subfield code="s">2024-02-26</subfield>
    <subfield code="w">2024-01-23</subfield>
    <subfield code="y">TXB</subfield>
  </datafield>
  <datafield tag="952" ind1=" " ind2=" ">
    <subfield code="0">0</subfield>
    <subfield code="1">0</subfield>
    <subfield code="2">ddc</subfield>
    <subfield code="4">0</subfield>
    <subfield code="7">0</subfield>
    <subfield code="a">12.28</subfield>
    <subfield code="b">12.28</subfield>
    <subfield code="d">2017-12-07</subfield>
    <subfield code="l">1</subfield>
    <subfield code="o">P Year 4 [E]</subfield>
    <subfield code="p">00030875SSW</subfield>
    <subfield code="q">2024-11-29</subfield>
    <subfield code="r">2024-02-20 18:34:08</subfield>
    <subfield code="s">2024-02-20</subfield>
    <subfield code="w">2024-01-23</subfield>
    <subfield code="y">TXB</subfield>
  </datafield>
  <datafield tag="952" ind1=" " ind2=" ">
    <subfield code="0">0</subfield>
    <subfield code="1">0</subfield>
    <subfield code="2">ddc</subfield>
    <subfield code="4">0</subfield>
    <subfield code="7">0</subfield>
    <subfield code="a">12.28</subfield>
    <subfield code="b">12.28</subfield>
    <subfield code="d">2019-03-19</subfield>
    <subfield code="l">1</subfield>
    <subfield code="o">P Year 4 [E]</subfield>
    <subfield code="p">00043185SSW</subfield>
    <subfield code="q">2024-11-29</subfield>
    <subfield code="r">2024-02-21 14:47:51</subfield>
    <subfield code="s">2024-02-21</subfield>
    <subfield code="w">2024-01-23</subfield>
    <subfield code="y">TXB</subfield>
  </datafield>
  <datafield tag="952" ind1=" " ind2=" ">
    <subfield code="0">0</subfield>
    <subfield code="1">0</subfield>
    <subfield code="2">ddc</subfield>
    <subfield code="4">0</subfield>
    <subfield code="7">0</subfield>
    <subfield code="a">12.28</subfield>
    <subfield code="b">12.28</subfield>
    <subfield code="d">2019-03-19</subfield>
    <subfield code="l">2</subfield>
    <subfield code="o">P Year 4 [E]</subfield>
    <subfield code="p">00043190SSW</subfield>
    <subfield code="q">2024-11-29</subfield>
    <subfield code="r">2024-02-21 14:42:37</subfield>
    <subfield code="s">2024-02-21</subfield>
    <subfield code="w">2024-01-23</subfield>
    <subfield code="y">TXB</subfield>
  </datafield>
  <datafield tag="952" ind1=" " ind2=" ">
    <subfield code="0">0</subfield>
    <subfield code="1">0</subfield>
    <subfield code="2">ddc</subfield>
    <subfield code="4">0</subfield>
    <subfield code="7">0</subfield>
    <subfield code="a">12.28</subfield>
    <subfield code="b">12.28</subfield>
    <subfield code="d">2019-03-19</subfield>
    <subfield code="l">0</subfield>
    <subfield code="o">P Year 4 [E]</subfield>
    <subfield code="p">00043193SSW</subfield>
    <subfield code="r">2024-01-23 14:43:31</subfield>
    <subfield code="w">2024-01-23</subfield>
    <subfield code="y">TXB</subfield>
  </datafield>
  <datafield tag="952" ind1=" " ind2=" ">
    <subfield code="0">0</subfield>
    <subfield code="1">0</subfield>
    <subfield code="2">ddc</subfield>
    <subfield code="4">0</subfield>
    <subfield code="7">0</subfield>
    <subfield code="a">12.28</subfield>
    <subfield code="b">12.28</subfield>
    <subfield code="d">2019-03-19</subfield>
    <subfield code="l">1</subfield>
    <subfield code="o">P Year 4 [E]</subfield>
    <subfield code="p">00043198SSW</subfield>
    <subfield code="q">2024-11-29</subfield>
    <subfield code="r">2024-02-20 18:35:30</subfield>
    <subfield code="s">2024-02-20</subfield>
    <subfield code="w">2024-01-23</subfield>
    <subfield code="y">TXB</subfield>
  </datafield>
  <datafield tag="952" ind1=" " ind2=" ">
    <subfield code="0">0</subfield>
    <subfield code="1">0</subfield>
    <subfield code="2">ddc</subfield>
    <subfield code="4">0</subfield>
    <subfield code="7">0</subfield>
    <subfield code="a">12.28</subfield>
    <subfield code="b">12.28</subfield>
    <subfield code="d">2019-03-19</subfield>
    <subfield code="l">1</subfield>
    <subfield code="o">P Year 4 [E]</subfield>
    <subfield code="p">00043201SSW</subfield>
    <subfield code="q">2024-11-29</subfield>
    <subfield code="r">2024-02-21 13:30:34</subfield>
    <subfield code="s">2024-02-21</subfield>
    <subfield code="w">2024-01-23</subfield>
    <subfield code="y">TXB</subfield>
  </datafield>
  <datafield tag="952" ind1=" " ind2=" ">
    <subfield code="0">0</subfield>
    <subfield code="1">0</subfield>
    <subfield code="2">ddc</subfield>
    <subfield code="4">0</subfield>
    <subfield code="7">0</subfield>
    <subfield code="a">12.28</subfield>
    <subfield code="b">12.28</subfield>
    <subfield code="d">2019-03-19</subfield>
    <subfield code="l">1</subfield>
    <subfield code="o">P Year 4 [E]</subfield>
    <subfield code="p">00043206SSW</subfield>
    <subfield code="q">2024-11-29</subfield>
    <subfield code="r">2024-02-21 14:46:24</subfield>
    <subfield code="s">2024-02-21</subfield>
    <subfield code="w">2024-01-23</subfield>
    <subfield code="y">TXB</subfield>
  </datafield>
  <datafield tag="952" ind1=" " ind2=" ">
    <subfield code="0">0</subfield>
    <subfield code="1">0</subfield>
    <subfield code="2">ddc</subfield>
    <subfield code="4">0</subfield>
    <subfield code="7">0</subfield>
    <subfield code="a">12.28</subfield>
    <subfield code="b">12.28</subfield>
    <subfield code="d">2019-03-19</subfield>
    <subfield code="l">0</subfield>
    <subfield code="o">P Year 4 [E]</subfield>
    <subfield code="p">00043183SSW</subfield>
    <subfield code="r">2024-01-23 14:43:31</subfield>
    <subfield code="w">2024-01-23</subfield>
    <subfield code="y">TXB</subfield>
  </datafield>
  <datafield tag="952" ind1=" " ind2=" ">
    <subfield code="0">0</subfield>
    <subfield code="1">0</subfield>
    <subfield code="2">ddc</subfield>
    <subfield code="4">0</subfield>
    <subfield code="7">0</subfield>
    <subfield code="a">12.28</subfield>
    <subfield code="b">12.28</subfield>
    <subfield code="d">2019-03-19</subfield>
    <subfield code="l">0</subfield>
    <subfield code="o">P Year 4 [E]</subfield>
    <subfield code="p">00043188SSW</subfield>
    <subfield code="r">2024-01-23 14:43:31</subfield>
    <subfield code="w">2024-01-23</subfield>
    <subfield code="y">TXB</subfield>
  </datafield>
  <datafield tag="952" ind1=" " ind2=" ">
    <subfield code="0">0</subfield>
    <subfield code="1">0</subfield>
    <subfield code="2">ddc</subfield>
    <subfield code="4">0</subfield>
    <subfield code="7">0</subfield>
    <subfield code="a">12.28</subfield>
    <subfield code="b">12.28</subfield>
    <subfield code="d">2019-03-19</subfield>
    <subfield code="l">1</subfield>
    <subfield code="o">P Year 4 [E]</subfield>
    <subfield code="p">00043191SSW</subfield>
    <subfield code="q">2024-11-29</subfield>
    <subfield code="r">2024-02-20 18:34:33</subfield>
    <subfield code="s">2024-02-20</subfield>
    <subfield code="w">2024-01-23</subfield>
    <subfield code="y">TXB</subfield>
  </datafield>
  <datafield tag="952" ind1=" " ind2=" ">
    <subfield code="0">0</subfield>
    <subfield code="1">0</subfield>
    <subfield code="2">ddc</subfield>
    <subfield code="4">0</subfield>
    <subfield code="7">0</subfield>
    <subfield code="a">12.28</subfield>
    <subfield code="b">12.28</subfield>
    <subfield code="d">2019-03-19</subfield>
    <subfield code="l">0</subfield>
    <subfield code="o">P Year 4 [E]</subfield>
    <subfield code="p">00043196SSW</subfield>
    <subfield code="r">2024-01-23 14:43:31</subfield>
    <subfield code="w">2024-01-23</subfield>
    <subfield code="y">TXB</subfield>
  </datafield>
  <datafield tag="952" ind1=" " ind2=" ">
    <subfield code="0">0</subfield>
    <subfield code="1">0</subfield>
    <subfield code="2">ddc</subfield>
    <subfield code="4">0</subfield>
    <subfield code="7">0</subfield>
    <subfield code="a">12.28</subfield>
    <subfield code="b">12.28</subfield>
    <subfield code="d">2019-03-19</subfield>
    <subfield code="l">1</subfield>
    <subfield code="o">P Year 4 [E]</subfield>
    <subfield code="p">00043199SSW</subfield>
    <subfield code="q">2024-11-29</subfield>
    <subfield code="r">2024-02-20 18:09:57</subfield>
    <subfield code="s">2024-02-20</subfield>
    <subfield code="w">2024-01-23</subfield>
    <subfield code="y">TXB</subfield>
  </datafield>
  <datafield tag="952" ind1=" " ind2=" ">
    <subfield code="0">0</subfield>
    <subfield code="1">0</subfield>
    <subfield code="2">ddc</subfield>
    <subfield code="4">0</subfield>
    <subfield code="7">0</subfield>
    <subfield code="a">12.28</subfield>
    <subfield code="b">12.28</subfield>
    <subfield code="d">2019-03-19</subfield>
    <subfield code="l">1</subfield>
    <subfield code="o">P Year 4 [E]</subfield>
    <subfield code="p">00043204SSW</subfield>
    <subfield code="q">2024-11-29</subfield>
    <subfield code="r">2024-02-21 13:22:41</subfield>
    <subfield code="s">2024-02-21</subfield>
    <subfield code="w">2024-01-23</subfield>
    <subfield code="y">TXB</subfield>
  </datafield>
  <datafield tag="952" ind1=" " ind2=" ">
    <subfield code="0">0</subfield>
    <subfield code="1">0</subfield>
    <subfield code="2">ddc</subfield>
    <subfield code="4">0</subfield>
    <subfield code="7">0</subfield>
    <subfield code="a">12.28</subfield>
    <subfield code="b">12.28</subfield>
    <subfield code="d">2019-03-19</subfield>
    <subfield code="l">0</subfield>
    <subfield code="o">P Year 4 [E]</subfield>
    <subfield code="p">00043207SSW</subfield>
    <subfield code="r">2024-01-23 14:43:31</subfield>
    <subfield code="w">2024-01-23</subfield>
    <subfield code="y">TXB</subfield>
  </datafield>
  <datafield tag="952" ind1=" " ind2=" ">
    <subfield code="0">0</subfield>
    <subfield code="1">0</subfield>
    <subfield code="2">ddc</subfield>
    <subfield code="4">0</subfield>
    <subfield code="7">0</subfield>
    <subfield code="a">12.28</subfield>
    <subfield code="b">12.28</subfield>
    <subfield code="d">2014-02-13</subfield>
    <subfield code="l">1</subfield>
    <subfield code="o">P Year 4 [E]</subfield>
    <subfield code="p">00007044SSW</subfield>
    <subfield code="q">2024-11-29</subfield>
    <subfield code="r">2024-02-20 18:48:50</subfield>
    <subfield code="s">2024-02-20</subfield>
    <subfield code="w">2024-01-23</subfield>
    <subfield code="y">TXB</subfield>
  </datafield>
  <datafield tag="952" ind1=" " ind2=" ">
    <subfield code="0">0</subfield>
    <subfield code="1">0</subfield>
    <subfield code="2">ddc</subfield>
    <subfield code="4">0</subfield>
    <subfield code="7">0</subfield>
    <subfield code="a">12.28</subfield>
    <subfield code="b">12.28</subfield>
    <subfield code="d">2014-02-13</subfield>
    <subfield code="l">1</subfield>
    <subfield code="o">P Year 4 [E]</subfield>
    <subfield code="p">00007050SSW</subfield>
    <subfield code="q">2024-11-29</subfield>
    <subfield code="r">2024-02-21 14:43:55</subfield>
    <subfield code="s">2024-02-21</subfield>
    <subfield code="w">2024-01-23</subfield>
    <subfield code="y">TXB</subfield>
  </datafield>
  <datafield tag="952" ind1=" " ind2=" ">
    <subfield code="0">0</subfield>
    <subfield code="1">0</subfield>
    <subfield code="2">ddc</subfield>
    <subfield code="4">0</subfield>
    <subfield code="7">0</subfield>
    <subfield code="a">12.28</subfield>
    <subfield code="b">12.28</subfield>
    <subfield code="d">2014-02-13</subfield>
    <subfield code="l">1</subfield>
    <subfield code="o">P Year 4 [E]</subfield>
    <subfield code="p">00007059SSW</subfield>
    <subfield code="q">2024-11-29</subfield>
    <subfield code="r">2024-02-20 18:16:35</subfield>
    <subfield code="s">2024-02-20</subfield>
    <subfield code="w">2024-01-23</subfield>
    <subfield code="y">TXB</subfield>
  </datafield>
  <datafield tag="952" ind1=" " ind2=" ">
    <subfield code="0">0</subfield>
    <subfield code="1">0</subfield>
    <subfield code="2">ddc</subfield>
    <subfield code="4">0</subfield>
    <subfield code="7">0</subfield>
    <subfield code="a">12.28</subfield>
    <subfield code="b">12.28</subfield>
    <subfield code="d">2014-02-13</subfield>
    <subfield code="l">0</subfield>
    <subfield code="o">P Year 4 [E]</subfield>
    <subfield code="p">00007066SSW</subfield>
    <subfield code="r">2024-01-23 14:43:31</subfield>
    <subfield code="w">2024-01-23</subfield>
    <subfield code="y">TXB</subfield>
  </datafield>
  <datafield tag="952" ind1=" " ind2=" ">
    <subfield code="0">0</subfield>
    <subfield code="1">0</subfield>
    <subfield code="2">ddc</subfield>
    <subfield code="4">0</subfield>
    <subfield code="7">0</subfield>
    <subfield code="a">12.28</subfield>
    <subfield code="b">12.28</subfield>
    <subfield code="d">2014-02-13</subfield>
    <subfield code="l">1</subfield>
    <subfield code="o">P Year 4 [E]</subfield>
    <subfield code="p">00007071SSW</subfield>
    <subfield code="q">2024-11-29</subfield>
    <subfield code="r">2024-02-21 15:02:08</subfield>
    <subfield code="s">2024-02-21</subfield>
    <subfield code="w">2024-01-23</subfield>
    <subfield code="y">TXB</subfield>
  </datafield>
  <datafield tag="952" ind1=" " ind2=" ">
    <subfield code="0">0</subfield>
    <subfield code="1">0</subfield>
    <subfield code="2">ddc</subfield>
    <subfield code="4">0</subfield>
    <subfield code="7">0</subfield>
    <subfield code="a">12.28</subfield>
    <subfield code="b">12.28</subfield>
    <subfield code="d">2014-02-13</subfield>
    <subfield code="l">1</subfield>
    <subfield code="o">P Year 4 [E]</subfield>
    <subfield code="p">00007076SSW</subfield>
    <subfield code="q">2024-11-29</subfield>
    <subfield code="r">2024-02-20 18:33:01</subfield>
    <subfield code="s">2024-02-20</subfield>
    <subfield code="w">2024-01-23</subfield>
    <subfield code="y">TXB</subfield>
  </datafield>
  <datafield tag="952" ind1=" " ind2=" ">
    <subfield code="0">0</subfield>
    <subfield code="1">0</subfield>
    <subfield code="2">ddc</subfield>
    <subfield code="4">0</subfield>
    <subfield code="7">0</subfield>
    <subfield code="a">12.28</subfield>
    <subfield code="b">12.28</subfield>
    <subfield code="d">2014-02-13</subfield>
    <subfield code="l">1</subfield>
    <subfield code="o">P Year 4 [E]</subfield>
    <subfield code="p">00007083SSW</subfield>
    <subfield code="q">2024-11-29</subfield>
    <subfield code="r">2024-02-20 18:27:05</subfield>
    <subfield code="s">2024-02-20</subfield>
    <subfield code="w">2024-01-23</subfield>
    <subfield code="y">TXB</subfield>
  </datafield>
  <datafield tag="952" ind1=" " ind2=" ">
    <subfield code="0">0</subfield>
    <subfield code="1">0</subfield>
    <subfield code="2">ddc</subfield>
    <subfield code="4">0</subfield>
    <subfield code="7">0</subfield>
    <subfield code="a">12.28</subfield>
    <subfield code="b">12.28</subfield>
    <subfield code="d">2014-02-13</subfield>
    <subfield code="l">1</subfield>
    <subfield code="o">P Year 4 [E]</subfield>
    <subfield code="p">00007086SSW</subfield>
    <subfield code="q">2024-11-29</subfield>
    <subfield code="r">2024-02-21 14:55:41</subfield>
    <subfield code="s">2024-02-21</subfield>
    <subfield code="w">2024-01-23</subfield>
    <subfield code="y">TXB</subfield>
  </datafield>
  <datafield tag="952" ind1=" " ind2=" ">
    <subfield code="0">0</subfield>
    <subfield code="1">0</subfield>
    <subfield code="2">ddc</subfield>
    <subfield code="4">0</subfield>
    <subfield code="7">0</subfield>
    <subfield code="a">12.28</subfield>
    <subfield code="b">12.28</subfield>
    <subfield code="d">2014-02-13</subfield>
    <subfield code="l">1</subfield>
    <subfield code="o">P Year 4 [E]</subfield>
    <subfield code="p">00007091SSW</subfield>
    <subfield code="q">2024-11-29</subfield>
    <subfield code="r">2024-02-21 13:34:49</subfield>
    <subfield code="s">2024-02-21</subfield>
    <subfield code="w">2024-01-23</subfield>
    <subfield code="y">TXB</subfield>
  </datafield>
  <datafield tag="952" ind1=" " ind2=" ">
    <subfield code="0">0</subfield>
    <subfield code="1">0</subfield>
    <subfield code="2">ddc</subfield>
    <subfield code="4">0</subfield>
    <subfield code="7">0</subfield>
    <subfield code="a">12.28</subfield>
    <subfield code="b">12.28</subfield>
    <subfield code="d">2014-02-14</subfield>
    <subfield code="l">1</subfield>
    <subfield code="o">P Year 4 [E]</subfield>
    <subfield code="p">00007128SSW</subfield>
    <subfield code="r">2024-03-06 13:00:46</subfield>
    <subfield code="s">2024-02-20</subfield>
    <subfield code="w">2024-01-23</subfield>
    <subfield code="y">TXB</subfield>
  </datafield>
  <datafield tag="952" ind1=" " ind2=" ">
    <subfield code="0">0</subfield>
    <subfield code="1">0</subfield>
    <subfield code="2">ddc</subfield>
    <subfield code="4">0</subfield>
    <subfield code="7">0</subfield>
    <subfield code="a">12.28</subfield>
    <subfield code="b">12.28</subfield>
    <subfield code="d">2014-02-14</subfield>
    <subfield code="l">1</subfield>
    <subfield code="o">P Year 4 [E]</subfield>
    <subfield code="p">00007131SSW</subfield>
    <subfield code="q">2024-11-29</subfield>
    <subfield code="r">2024-02-20 18:31:18</subfield>
    <subfield code="s">2024-02-20</subfield>
    <subfield code="w">2024-01-23</subfield>
    <subfield code="y">TXB</subfield>
  </datafield>
  <datafield tag="952" ind1=" " ind2=" ">
    <subfield code="0">0</subfield>
    <subfield code="1">0</subfield>
    <subfield code="2">ddc</subfield>
    <subfield code="4">0</subfield>
    <subfield code="7">0</subfield>
    <subfield code="a">12.28</subfield>
    <subfield code="b">12.28</subfield>
    <subfield code="d">2014-02-14</subfield>
    <subfield code="l">1</subfield>
    <subfield code="o">P Year 4 [E]</subfield>
    <subfield code="p">00007136SSW</subfield>
    <subfield code="q">2024-11-29</subfield>
    <subfield code="r">2024-02-20 18:21:21</subfield>
    <subfield code="s">2024-02-20</subfield>
    <subfield code="w">2024-01-23</subfield>
    <subfield code="y">TXB</subfield>
  </datafield>
  <datafield tag="952" ind1=" " ind2=" ">
    <subfield code="0">0</subfield>
    <subfield code="1">0</subfield>
    <subfield code="2">ddc</subfield>
    <subfield code="4">0</subfield>
    <subfield code="7">0</subfield>
    <subfield code="a">12.28</subfield>
    <subfield code="b">12.28</subfield>
    <subfield code="d">2014-02-14</subfield>
    <subfield code="l">1</subfield>
    <subfield code="o">P Year 4 [E]</subfield>
    <subfield code="p">00007138SSW</subfield>
    <subfield code="q">2024-11-29</subfield>
    <subfield code="r">2024-02-21 13:44:59</subfield>
    <subfield code="s">2024-02-21</subfield>
    <subfield code="w">2024-01-23</subfield>
    <subfield code="y">TXB</subfield>
  </datafield>
  <datafield tag="952" ind1=" " ind2=" ">
    <subfield code="0">0</subfield>
    <subfield code="1">0</subfield>
    <subfield code="2">ddc</subfield>
    <subfield code="4">0</subfield>
    <subfield code="7">0</subfield>
    <subfield code="a">12.28</subfield>
    <subfield code="b">12.28</subfield>
    <subfield code="d">2014-02-14</subfield>
    <subfield code="l">1</subfield>
    <subfield code="o">P Year 4 [E]</subfield>
    <subfield code="p">00007143SSW</subfield>
    <subfield code="q">2024-11-29</subfield>
    <subfield code="r">2024-02-21 13:49:10</subfield>
    <subfield code="s">2024-02-21</subfield>
    <subfield code="w">2024-01-23</subfield>
    <subfield code="y">TXB</subfield>
  </datafield>
  <datafield tag="952" ind1=" " ind2=" ">
    <subfield code="0">0</subfield>
    <subfield code="1">0</subfield>
    <subfield code="2">ddc</subfield>
    <subfield code="4">0</subfield>
    <subfield code="7">0</subfield>
    <subfield code="a">12.28</subfield>
    <subfield code="b">12.28</subfield>
    <subfield code="d">2014-02-14</subfield>
    <subfield code="l">1</subfield>
    <subfield code="o">P Year 4 [E]</subfield>
    <subfield code="p">00007146SSW</subfield>
    <subfield code="q">2024-11-29</subfield>
    <subfield code="r">2024-02-20 18:48:28</subfield>
    <subfield code="s">2024-02-20</subfield>
    <subfield code="w">2024-01-23</subfield>
    <subfield code="y">TXB</subfield>
  </datafield>
  <datafield tag="952" ind1=" " ind2=" ">
    <subfield code="0">0</subfield>
    <subfield code="1">0</subfield>
    <subfield code="2">ddc</subfield>
    <subfield code="4">0</subfield>
    <subfield code="7">0</subfield>
    <subfield code="a">12.28</subfield>
    <subfield code="b">12.28</subfield>
    <subfield code="d">2014-02-14</subfield>
    <subfield code="l">1</subfield>
    <subfield code="o">P Year 4 [E]</subfield>
    <subfield code="p">00007151SSW</subfield>
    <subfield code="q">2024-11-29</subfield>
    <subfield code="r">2024-02-20 18:07:29</subfield>
    <subfield code="s">2024-02-20</subfield>
    <subfield code="w">2024-01-23</subfield>
    <subfield code="y">TXB</subfield>
  </datafield>
  <datafield tag="952" ind1=" " ind2=" ">
    <subfield code="0">0</subfield>
    <subfield code="1">0</subfield>
    <subfield code="2">ddc</subfield>
    <subfield code="4">0</subfield>
    <subfield code="7">0</subfield>
    <subfield code="a">12.28</subfield>
    <subfield code="b">12.28</subfield>
    <subfield code="d">2014-02-14</subfield>
    <subfield code="l">1</subfield>
    <subfield code="o">P Year 4 [E]</subfield>
    <subfield code="p">00007154SSW</subfield>
    <subfield code="q">2024-11-29</subfield>
    <subfield code="r">2024-02-21 13:48:30</subfield>
    <subfield code="s">2024-02-21</subfield>
    <subfield code="w">2024-01-23</subfield>
    <subfield code="y">TXB</subfield>
  </datafield>
  <datafield tag="952" ind1=" " ind2=" ">
    <subfield code="0">0</subfield>
    <subfield code="1">0</subfield>
    <subfield code="2">ddc</subfield>
    <subfield code="4">0</subfield>
    <subfield code="7">0</subfield>
    <subfield code="a">12.28</subfield>
    <subfield code="b">12.28</subfield>
    <subfield code="d">2014-02-17</subfield>
    <subfield code="l">1</subfield>
    <subfield code="o">P Year 4 [E]</subfield>
    <subfield code="p">00007161SSW</subfield>
    <subfield code="q">2024-11-29</subfield>
    <subfield code="r">2024-02-20 18:30:54</subfield>
    <subfield code="s">2024-02-20</subfield>
    <subfield code="w">2024-01-23</subfield>
    <subfield code="y">TXB</subfield>
  </datafield>
  <datafield tag="952" ind1=" " ind2=" ">
    <subfield code="0">0</subfield>
    <subfield code="1">0</subfield>
    <subfield code="2">ddc</subfield>
    <subfield code="4">0</subfield>
    <subfield code="7">0</subfield>
    <subfield code="a">12.28</subfield>
    <subfield code="b">12.28</subfield>
    <subfield code="d">2014-02-17</subfield>
    <subfield code="l">0</subfield>
    <subfield code="o">P Year 4 [E]</subfield>
    <subfield code="p">00007164SSW</subfield>
    <subfield code="r">2024-01-23 14:43:31</subfield>
    <subfield code="w">2024-01-23</subfield>
    <subfield code="y">TXB</subfield>
  </datafield>
  <datafield tag="952" ind1=" " ind2=" ">
    <subfield code="0">0</subfield>
    <subfield code="1">0</subfield>
    <subfield code="2">ddc</subfield>
    <subfield code="4">0</subfield>
    <subfield code="7">0</subfield>
    <subfield code="a">12.28</subfield>
    <subfield code="b">12.28</subfield>
    <subfield code="d">2014-02-17</subfield>
    <subfield code="l">1</subfield>
    <subfield code="o">P Year 4 [E]</subfield>
    <subfield code="p">00007166SSW</subfield>
    <subfield code="q">2024-11-29</subfield>
    <subfield code="r">2024-02-20 18:17:41</subfield>
    <subfield code="s">2024-02-20</subfield>
    <subfield code="w">2024-01-23</subfield>
    <subfield code="y">TXB</subfield>
  </datafield>
  <datafield tag="952" ind1=" " ind2=" ">
    <subfield code="0">0</subfield>
    <subfield code="1">0</subfield>
    <subfield code="2">ddc</subfield>
    <subfield code="4">0</subfield>
    <subfield code="7">0</subfield>
    <subfield code="a">12.28</subfield>
    <subfield code="b">12.28</subfield>
    <subfield code="d">2014-02-17</subfield>
    <subfield code="l">1</subfield>
    <subfield code="o">P Year 4 [E]</subfield>
    <subfield code="p">00007171SSW</subfield>
    <subfield code="q">2024-11-29</subfield>
    <subfield code="r">2024-02-21 13:42:25</subfield>
    <subfield code="s">2024-02-21</subfield>
    <subfield code="w">2024-01-23</subfield>
    <subfield code="y">TXB</subfield>
  </datafield>
  <datafield tag="952" ind1=" " ind2=" ">
    <subfield code="0">0</subfield>
    <subfield code="1">0</subfield>
    <subfield code="2">ddc</subfield>
    <subfield code="4">0</subfield>
    <subfield code="7">0</subfield>
    <subfield code="a">12.28</subfield>
    <subfield code="b">12.28</subfield>
    <subfield code="d">2014-02-17</subfield>
    <subfield code="l">1</subfield>
    <subfield code="o">P Year 4 [E]</subfield>
    <subfield code="p">00007176SSW</subfield>
    <subfield code="q">2024-11-29</subfield>
    <subfield code="r">2024-02-21 13:37:16</subfield>
    <subfield code="s">2024-02-21</subfield>
    <subfield code="w">2024-01-23</subfield>
    <subfield code="y">TXB</subfield>
  </datafield>
  <datafield tag="952" ind1=" " ind2=" ">
    <subfield code="0">0</subfield>
    <subfield code="1">0</subfield>
    <subfield code="2">ddc</subfield>
    <subfield code="4">0</subfield>
    <subfield code="7">0</subfield>
    <subfield code="a">12.28</subfield>
    <subfield code="b">12.28</subfield>
    <subfield code="d">2014-02-17</subfield>
    <subfield code="l">1</subfield>
    <subfield code="o">P Year 4 [E]</subfield>
    <subfield code="p">00007179SSW</subfield>
    <subfield code="q">2024-11-29</subfield>
    <subfield code="r">2024-02-21 14:57:23</subfield>
    <subfield code="s">2024-02-21</subfield>
    <subfield code="w">2024-01-23</subfield>
    <subfield code="y">TXB</subfield>
  </datafield>
  <datafield tag="952" ind1=" " ind2=" ">
    <subfield code="0">0</subfield>
    <subfield code="1">0</subfield>
    <subfield code="2">ddc</subfield>
    <subfield code="4">0</subfield>
    <subfield code="7">0</subfield>
    <subfield code="a">12.28</subfield>
    <subfield code="b">12.28</subfield>
    <subfield code="d">2014-02-17</subfield>
    <subfield code="l">1</subfield>
    <subfield code="o">P Year 4 [E]</subfield>
    <subfield code="p">00007184SSW</subfield>
    <subfield code="q">2024-11-29</subfield>
    <subfield code="r">2024-02-20 18:41:44</subfield>
    <subfield code="s">2024-02-20</subfield>
    <subfield code="w">2024-01-23</subfield>
    <subfield code="y">TXB</subfield>
  </datafield>
  <datafield tag="952" ind1=" " ind2=" ">
    <subfield code="0">0</subfield>
    <subfield code="1">0</subfield>
    <subfield code="2">ddc</subfield>
    <subfield code="4">0</subfield>
    <subfield code="7">0</subfield>
    <subfield code="a">12.28</subfield>
    <subfield code="b">12.28</subfield>
    <subfield code="d">2014-02-17</subfield>
    <subfield code="l">1</subfield>
    <subfield code="o">P Year 4 [E]</subfield>
    <subfield code="p">00007187SSW</subfield>
    <subfield code="q">2024-11-29</subfield>
    <subfield code="r">2024-02-21 14:21:53</subfield>
    <subfield code="s">2024-02-21</subfield>
    <subfield code="w">2024-01-23</subfield>
    <subfield code="y">TXB</subfield>
  </datafield>
  <datafield tag="952" ind1=" " ind2=" ">
    <subfield code="0">0</subfield>
    <subfield code="1">0</subfield>
    <subfield code="2">ddc</subfield>
    <subfield code="4">0</subfield>
    <subfield code="7">0</subfield>
    <subfield code="a">12.28</subfield>
    <subfield code="b">12.28</subfield>
    <subfield code="d">2014-02-17</subfield>
    <subfield code="l">1</subfield>
    <subfield code="o">P Year 4 [E]</subfield>
    <subfield code="p">00007192SSW</subfield>
    <subfield code="q">2024-11-29</subfield>
    <subfield code="r">2024-02-21 14:20:16</subfield>
    <subfield code="s">2024-02-21</subfield>
    <subfield code="w">2024-01-23</subfield>
    <subfield code="y">TXB</subfield>
  </datafield>
  <datafield tag="952" ind1=" " ind2=" ">
    <subfield code="0">0</subfield>
    <subfield code="1">0</subfield>
    <subfield code="2">ddc</subfield>
    <subfield code="4">0</subfield>
    <subfield code="7">0</subfield>
    <subfield code="a">12.28</subfield>
    <subfield code="b">12.28</subfield>
    <subfield code="d">2014-02-17</subfield>
    <subfield code="l">0</subfield>
    <subfield code="o">P Year 4 [E]</subfield>
    <subfield code="p">00007195SSW</subfield>
    <subfield code="r">2024-01-23 14:43:32</subfield>
    <subfield code="w">2024-01-23</subfield>
    <subfield code="y">TXB</subfield>
  </datafield>
  <datafield tag="952" ind1=" " ind2=" ">
    <subfield code="0">0</subfield>
    <subfield code="1">0</subfield>
    <subfield code="2">ddc</subfield>
    <subfield code="4">0</subfield>
    <subfield code="7">0</subfield>
    <subfield code="a">12.27</subfield>
    <subfield code="b">12.27</subfield>
    <subfield code="d">2014-02-17</subfield>
    <subfield code="l">0</subfield>
    <subfield code="o">AP Year 4 [E] MOR</subfield>
    <subfield code="p">00007200AGC</subfield>
    <subfield code="r">2024-01-23 14:43:32</subfield>
    <subfield code="w">2024-01-23</subfield>
    <subfield code="y">TXB</subfield>
  </datafield>
  <datafield tag="952" ind1=" " ind2=" ">
    <subfield code="0">0</subfield>
    <subfield code="1">0</subfield>
    <subfield code="2">ddc</subfield>
    <subfield code="4">0</subfield>
    <subfield code="7">0</subfield>
    <subfield code="a">12.28</subfield>
    <subfield code="b">12.28</subfield>
    <subfield code="d">2014-02-25</subfield>
    <subfield code="l">0</subfield>
    <subfield code="o">P Year 4 [E]</subfield>
    <subfield code="p">00007362SSW</subfield>
    <subfield code="r">2024-01-23 14:43:32</subfield>
    <subfield code="w">2024-01-23</subfield>
    <subfield code="y">TXB</subfield>
  </datafield>
  <datafield tag="952" ind1=" " ind2=" ">
    <subfield code="0">0</subfield>
    <subfield code="1">0</subfield>
    <subfield code="2">ddc</subfield>
    <subfield code="4">0</subfield>
    <subfield code="7">0</subfield>
    <subfield code="a">12.28</subfield>
    <subfield code="b">12.28</subfield>
    <subfield code="d">2014-02-25</subfield>
    <subfield code="l">1</subfield>
    <subfield code="o">P Year 4 [E]</subfield>
    <subfield code="p">00007365SSW</subfield>
    <subfield code="q">2024-11-29</subfield>
    <subfield code="r">2024-02-20 18:46:43</subfield>
    <subfield code="s">2024-02-20</subfield>
    <subfield code="w">2024-01-23</subfield>
    <subfield code="y">TXB</subfield>
  </datafield>
  <datafield tag="952" ind1=" " ind2=" ">
    <subfield code="0">0</subfield>
    <subfield code="1">0</subfield>
    <subfield code="2">ddc</subfield>
    <subfield code="4">0</subfield>
    <subfield code="7">0</subfield>
    <subfield code="a">12.28</subfield>
    <subfield code="b">12.28</subfield>
    <subfield code="d">2018-10-25</subfield>
    <subfield code="l">1</subfield>
    <subfield code="o">P Year 4 [E]</subfield>
    <subfield code="p">00038176SSW</subfield>
    <subfield code="q">2024-11-29</subfield>
    <subfield code="r">2024-02-21 13:35:22</subfield>
    <subfield code="s">2024-02-21</subfield>
    <subfield code="w">2024-01-23</subfield>
    <subfield code="y">TXB</subfield>
  </datafield>
  <datafield tag="952" ind1=" " ind2=" ">
    <subfield code="0">0</subfield>
    <subfield code="1">0</subfield>
    <subfield code="2">ddc</subfield>
    <subfield code="4">0</subfield>
    <subfield code="7">0</subfield>
    <subfield code="a">12.28</subfield>
    <subfield code="b">12.28</subfield>
    <subfield code="d">2019-03-19</subfield>
    <subfield code="l">1</subfield>
    <subfield code="o">P Year 4 [E]</subfield>
    <subfield code="p">00043186SSW</subfield>
    <subfield code="q">2024-11-29</subfield>
    <subfield code="r">2024-02-21 13:30:00</subfield>
    <subfield code="s">2024-02-21</subfield>
    <subfield code="w">2024-01-23</subfield>
    <subfield code="y">TXB</subfield>
  </datafield>
  <datafield tag="952" ind1=" " ind2=" ">
    <subfield code="0">0</subfield>
    <subfield code="1">0</subfield>
    <subfield code="2">ddc</subfield>
    <subfield code="4">0</subfield>
    <subfield code="7">0</subfield>
    <subfield code="a">12.28</subfield>
    <subfield code="b">12.28</subfield>
    <subfield code="d">2019-03-19</subfield>
    <subfield code="l">1</subfield>
    <subfield code="o">P Year 4 [E]</subfield>
    <subfield code="p">00043189SSW</subfield>
    <subfield code="q">2024-11-29</subfield>
    <subfield code="r">2024-02-20 18:45:09</subfield>
    <subfield code="s">2024-02-20</subfield>
    <subfield code="w">2024-01-23</subfield>
    <subfield code="y">TXB</subfield>
  </datafield>
  <datafield tag="952" ind1=" " ind2=" ">
    <subfield code="0">0</subfield>
    <subfield code="1">0</subfield>
    <subfield code="2">ddc</subfield>
    <subfield code="4">0</subfield>
    <subfield code="7">0</subfield>
    <subfield code="a">12.28</subfield>
    <subfield code="b">12.28</subfield>
    <subfield code="d">2019-03-19</subfield>
    <subfield code="l">1</subfield>
    <subfield code="o">P Year 4 [E]</subfield>
    <subfield code="p">00043194SSW</subfield>
    <subfield code="q">2024-11-29</subfield>
    <subfield code="r">2024-02-21 13:50:12</subfield>
    <subfield code="s">2024-02-21</subfield>
    <subfield code="w">2024-01-23</subfield>
    <subfield code="y">TXB</subfield>
  </datafield>
  <datafield tag="952" ind1=" " ind2=" ">
    <subfield code="0">0</subfield>
    <subfield code="1">0</subfield>
    <subfield code="2">ddc</subfield>
    <subfield code="4">0</subfield>
    <subfield code="7">0</subfield>
    <subfield code="a">12.28</subfield>
    <subfield code="b">12.28</subfield>
    <subfield code="d">2019-03-19</subfield>
    <subfield code="l">0</subfield>
    <subfield code="o">P Year 4 [E]</subfield>
    <subfield code="p">00043197SSW</subfield>
    <subfield code="r">2024-01-23 14:43:32</subfield>
    <subfield code="w">2024-01-23</subfield>
    <subfield code="y">TXB</subfield>
  </datafield>
  <datafield tag="952" ind1=" " ind2=" ">
    <subfield code="0">0</subfield>
    <subfield code="1">0</subfield>
    <subfield code="2">ddc</subfield>
    <subfield code="4">0</subfield>
    <subfield code="7">0</subfield>
    <subfield code="a">12.28</subfield>
    <subfield code="b">12.28</subfield>
    <subfield code="d">2019-03-19</subfield>
    <subfield code="l">1</subfield>
    <subfield code="o">P Year 4 [E]</subfield>
    <subfield code="p">00043202SSW</subfield>
    <subfield code="q">2024-11-29</subfield>
    <subfield code="r">2024-02-21 14:48:40</subfield>
    <subfield code="s">2024-02-21</subfield>
    <subfield code="w">2024-01-23</subfield>
    <subfield code="y">TXB</subfield>
  </datafield>
  <datafield tag="952" ind1=" " ind2=" ">
    <subfield code="0">0</subfield>
    <subfield code="1">0</subfield>
    <subfield code="2">ddc</subfield>
    <subfield code="4">0</subfield>
    <subfield code="7">0</subfield>
    <subfield code="a">12.28</subfield>
    <subfield code="b">12.28</subfield>
    <subfield code="d">2019-03-19</subfield>
    <subfield code="l">1</subfield>
    <subfield code="o">P Year 4 [E]</subfield>
    <subfield code="p">00043205SSW</subfield>
    <subfield code="q">2024-11-29</subfield>
    <subfield code="r">2024-02-20 18:43:22</subfield>
    <subfield code="s">2024-02-20</subfield>
    <subfield code="w">2024-01-23</subfield>
    <subfield code="y">TXB</subfield>
  </datafield>
  <datafield tag="952" ind1=" " ind2=" ">
    <subfield code="0">0</subfield>
    <subfield code="1">0</subfield>
    <subfield code="2">ddc</subfield>
    <subfield code="4">0</subfield>
    <subfield code="7">0</subfield>
    <subfield code="a">12.28</subfield>
    <subfield code="b">12.28</subfield>
    <subfield code="d">2023-02-14</subfield>
    <subfield code="l">1</subfield>
    <subfield code="o">P Year 4 [E] MOR</subfield>
    <subfield code="p">00059966SSW</subfield>
    <subfield code="q">2024-11-29</subfield>
    <subfield code="r">2024-02-20 18:37:06</subfield>
    <subfield code="s">2024-02-20</subfield>
    <subfield code="w">2024-01-23</subfield>
    <subfield code="y">TXB</subfield>
  </datafield>
  <datafield tag="952" ind1=" " ind2=" ">
    <subfield code="0">0</subfield>
    <subfield code="1">0</subfield>
    <subfield code="2">ddc</subfield>
    <subfield code="4">0</subfield>
    <subfield code="7">0</subfield>
    <subfield code="a">12.28</subfield>
    <subfield code="b">12.28</subfield>
    <subfield code="d">2023-02-08</subfield>
    <subfield code="l">0</subfield>
    <subfield code="o">P Year 4 [E] MOR</subfield>
    <subfield code="p">00059856SSW</subfield>
    <subfield code="r">2024-01-23 14:43:32</subfield>
    <subfield code="w">2024-01-23</subfield>
    <subfield code="y">TXB</subfield>
  </datafield>
  <datafield tag="952" ind1=" " ind2=" ">
    <subfield code="0">0</subfield>
    <subfield code="1">0</subfield>
    <subfield code="2">ddc</subfield>
    <subfield code="4">0</subfield>
    <subfield code="7">0</subfield>
    <subfield code="a">12.27</subfield>
    <subfield code="b">12.27</subfield>
    <subfield code="d">2020-11-16</subfield>
    <subfield code="l">1</subfield>
    <subfield code="o">AP Year 4 [E] MOR</subfield>
    <subfield code="p">00051044AGC</subfield>
    <subfield code="q">2024-11-29</subfield>
    <subfield code="r">2024-02-27 11:19:24</subfield>
    <subfield code="s">2024-02-27</subfield>
    <subfield code="w">2024-01-23</subfield>
    <subfield code="y">TXB</subfield>
  </datafield>
  <datafield tag="952" ind1=" " ind2=" ">
    <subfield code="0">0</subfield>
    <subfield code="1">0</subfield>
    <subfield code="2">ddc</subfield>
    <subfield code="4">0</subfield>
    <subfield code="7">0</subfield>
    <subfield code="a">12.27</subfield>
    <subfield code="b">12.27</subfield>
    <subfield code="d">2020-11-16</subfield>
    <subfield code="l">1</subfield>
    <subfield code="o">AP Year 4 [E] MOR</subfield>
    <subfield code="p">00051045AGC</subfield>
    <subfield code="q">2024-11-29</subfield>
    <subfield code="r">2024-02-19 19:15:43</subfield>
    <subfield code="s">2024-02-19</subfield>
    <subfield code="w">2024-01-23</subfield>
    <subfield code="y">TXB</subfield>
  </datafield>
  <datafield tag="952" ind1=" " ind2=" ">
    <subfield code="0">0</subfield>
    <subfield code="1">0</subfield>
    <subfield code="2">ddc</subfield>
    <subfield code="4">0</subfield>
    <subfield code="7">0</subfield>
    <subfield code="a">12.27</subfield>
    <subfield code="b">12.27</subfield>
    <subfield code="d">2020-11-16</subfield>
    <subfield code="l">0</subfield>
    <subfield code="o">AP Year 4 [E] MOR</subfield>
    <subfield code="p">00051046AGC</subfield>
    <subfield code="r">2024-01-23 14:43:32</subfield>
    <subfield code="w">2024-01-23</subfield>
    <subfield code="y">TXB</subfield>
  </datafield>
  <datafield tag="952" ind1=" " ind2=" ">
    <subfield code="0">0</subfield>
    <subfield code="1">0</subfield>
    <subfield code="2">ddc</subfield>
    <subfield code="4">0</subfield>
    <subfield code="7">0</subfield>
    <subfield code="a">12.27</subfield>
    <subfield code="b">12.27</subfield>
    <subfield code="d">2020-11-16</subfield>
    <subfield code="l">1</subfield>
    <subfield code="o">AP Year 4 [E] MOR</subfield>
    <subfield code="p">00051047AGC</subfield>
    <subfield code="q">2024-11-29</subfield>
    <subfield code="r">2024-02-26 17:04:48</subfield>
    <subfield code="s">2024-02-26</subfield>
    <subfield code="w">2024-01-23</subfield>
    <subfield code="y">TXB</subfield>
  </datafield>
  <datafield tag="952" ind1=" " ind2=" ">
    <subfield code="0">0</subfield>
    <subfield code="1">0</subfield>
    <subfield code="2">ddc</subfield>
    <subfield code="4">0</subfield>
    <subfield code="7">0</subfield>
    <subfield code="a">12.27</subfield>
    <subfield code="b">12.27</subfield>
    <subfield code="d">2020-11-16</subfield>
    <subfield code="l">1</subfield>
    <subfield code="o">AP Year 4 [E] MOR</subfield>
    <subfield code="p">00051048AGC</subfield>
    <subfield code="q">2024-11-29</subfield>
    <subfield code="r">2024-02-26 17:20:35</subfield>
    <subfield code="s">2024-02-26</subfield>
    <subfield code="w">2024-01-23</subfield>
    <subfield code="y">TXB</subfield>
  </datafield>
  <datafield tag="952" ind1=" " ind2=" ">
    <subfield code="0">0</subfield>
    <subfield code="1">0</subfield>
    <subfield code="2">ddc</subfield>
    <subfield code="4">0</subfield>
    <subfield code="7">0</subfield>
    <subfield code="a">12.27</subfield>
    <subfield code="b">12.27</subfield>
    <subfield code="d">2020-11-16</subfield>
    <subfield code="l">1</subfield>
    <subfield code="o">AP Year 4 [E] MOR</subfield>
    <subfield code="p">00051049AGC</subfield>
    <subfield code="q">2024-11-29</subfield>
    <subfield code="r">2024-02-26 19:08:27</subfield>
    <subfield code="s">2024-02-26</subfield>
    <subfield code="w">2024-01-23</subfield>
    <subfield code="y">TXB</subfield>
  </datafield>
  <datafield tag="952" ind1=" " ind2=" ">
    <subfield code="0">0</subfield>
    <subfield code="1">0</subfield>
    <subfield code="2">ddc</subfield>
    <subfield code="4">0</subfield>
    <subfield code="7">0</subfield>
    <subfield code="a">12.27</subfield>
    <subfield code="b">12.27</subfield>
    <subfield code="d">2020-11-16</subfield>
    <subfield code="l">1</subfield>
    <subfield code="o">AP Year 4 [E] MOR</subfield>
    <subfield code="p">00051050AGC</subfield>
    <subfield code="q">2024-11-29</subfield>
    <subfield code="r">2024-02-19 19:18:10</subfield>
    <subfield code="s">2024-02-19</subfield>
    <subfield code="w">2024-01-23</subfield>
    <subfield code="y">TXB</subfield>
  </datafield>
  <datafield tag="952" ind1=" " ind2=" ">
    <subfield code="0">0</subfield>
    <subfield code="1">0</subfield>
    <subfield code="2">ddc</subfield>
    <subfield code="4">0</subfield>
    <subfield code="7">0</subfield>
    <subfield code="a">12.27</subfield>
    <subfield code="b">12.27</subfield>
    <subfield code="d">2020-11-16</subfield>
    <subfield code="l">1</subfield>
    <subfield code="o">AP Year 4 [E] MOR</subfield>
    <subfield code="p">00051028AGC</subfield>
    <subfield code="q">2024-11-29</subfield>
    <subfield code="r">2024-02-27 11:07:16</subfield>
    <subfield code="s">2024-02-27</subfield>
    <subfield code="w">2024-01-23</subfield>
    <subfield code="y">TXB</subfield>
  </datafield>
  <datafield tag="952" ind1=" " ind2=" ">
    <subfield code="0">0</subfield>
    <subfield code="1">0</subfield>
    <subfield code="2">ddc</subfield>
    <subfield code="4">0</subfield>
    <subfield code="7">0</subfield>
    <subfield code="a">12.27</subfield>
    <subfield code="b">12.27</subfield>
    <subfield code="d">2020-11-16</subfield>
    <subfield code="l">0</subfield>
    <subfield code="o">AP Year 4 [E] MOR</subfield>
    <subfield code="p">00051029AGC</subfield>
    <subfield code="r">2024-01-23 14:43:32</subfield>
    <subfield code="w">2024-01-23</subfield>
    <subfield code="y">TXB</subfield>
  </datafield>
  <datafield tag="952" ind1=" " ind2=" ">
    <subfield code="0">0</subfield>
    <subfield code="1">0</subfield>
    <subfield code="2">ddc</subfield>
    <subfield code="4">0</subfield>
    <subfield code="7">0</subfield>
    <subfield code="a">12.27</subfield>
    <subfield code="b">12.27</subfield>
    <subfield code="d">2020-11-16</subfield>
    <subfield code="l">1</subfield>
    <subfield code="o">AP Year 4 [E] MOR</subfield>
    <subfield code="p">00051030AGC</subfield>
    <subfield code="q">2024-11-29</subfield>
    <subfield code="r">2024-02-27 11:16:40</subfield>
    <subfield code="s">2024-02-27</subfield>
    <subfield code="w">2024-01-23</subfield>
    <subfield code="y">TXB</subfield>
  </datafield>
  <datafield tag="952" ind1=" " ind2=" ">
    <subfield code="0">0</subfield>
    <subfield code="1">0</subfield>
    <subfield code="2">ddc</subfield>
    <subfield code="4">0</subfield>
    <subfield code="7">0</subfield>
    <subfield code="a">12.27</subfield>
    <subfield code="b">12.27</subfield>
    <subfield code="d">2020-11-16</subfield>
    <subfield code="l">1</subfield>
    <subfield code="o">AP Year 4 [E] MOR</subfield>
    <subfield code="p">00051031AGC</subfield>
    <subfield code="q">2024-11-29</subfield>
    <subfield code="r">2024-02-27 11:15:29</subfield>
    <subfield code="s">2024-02-27</subfield>
    <subfield code="w">2024-01-23</subfield>
    <subfield code="y">TXB</subfield>
  </datafield>
  <datafield tag="952" ind1=" " ind2=" ">
    <subfield code="0">0</subfield>
    <subfield code="1">0</subfield>
    <subfield code="2">ddc</subfield>
    <subfield code="4">0</subfield>
    <subfield code="7">0</subfield>
    <subfield code="a">12.27</subfield>
    <subfield code="b">12.27</subfield>
    <subfield code="d">2020-11-16</subfield>
    <subfield code="l">1</subfield>
    <subfield code="o">AP Year 4 [E] MOR</subfield>
    <subfield code="p">00051032AGC</subfield>
    <subfield code="q">2024-11-29</subfield>
    <subfield code="r">2024-02-19 19:07:16</subfield>
    <subfield code="s">2024-02-19</subfield>
    <subfield code="w">2024-01-23</subfield>
    <subfield code="y">TXB</subfield>
  </datafield>
  <datafield tag="952" ind1=" " ind2=" ">
    <subfield code="0">0</subfield>
    <subfield code="1">0</subfield>
    <subfield code="2">ddc</subfield>
    <subfield code="4">0</subfield>
    <subfield code="7">0</subfield>
    <subfield code="a">12.27</subfield>
    <subfield code="b">12.27</subfield>
    <subfield code="d">2020-11-16</subfield>
    <subfield code="l">0</subfield>
    <subfield code="o">AP Year 4 [E] MOR</subfield>
    <subfield code="p">00051033AGC</subfield>
    <subfield code="r">2024-01-23 14:43:32</subfield>
    <subfield code="w">2024-01-23</subfield>
    <subfield code="y">TXB</subfield>
  </datafield>
  <datafield tag="952" ind1=" " ind2=" ">
    <subfield code="0">0</subfield>
    <subfield code="1">0</subfield>
    <subfield code="2">ddc</subfield>
    <subfield code="4">0</subfield>
    <subfield code="7">0</subfield>
    <subfield code="a">12.27</subfield>
    <subfield code="b">12.27</subfield>
    <subfield code="d">2020-11-16</subfield>
    <subfield code="l">1</subfield>
    <subfield code="o">AP Year 4 [E] MOR</subfield>
    <subfield code="p">00051034AGC</subfield>
    <subfield code="r">2024-02-26 16:51:45</subfield>
    <subfield code="s">2024-02-19</subfield>
    <subfield code="w">2024-01-23</subfield>
    <subfield code="y">TXB</subfield>
  </datafield>
  <datafield tag="952" ind1=" " ind2=" ">
    <subfield code="0">0</subfield>
    <subfield code="1">0</subfield>
    <subfield code="2">ddc</subfield>
    <subfield code="4">0</subfield>
    <subfield code="7">0</subfield>
    <subfield code="a">12.27</subfield>
    <subfield code="b">12.27</subfield>
    <subfield code="d">2020-11-16</subfield>
    <subfield code="l">1</subfield>
    <subfield code="o">AP Year 4 [E] MOR</subfield>
    <subfield code="p">00051035AGC</subfield>
    <subfield code="q">2024-11-29</subfield>
    <subfield code="r">2024-02-27 11:10:02</subfield>
    <subfield code="s">2024-02-27</subfield>
    <subfield code="w">2024-01-23</subfield>
    <subfield code="y">TXB</subfield>
  </datafield>
  <datafield tag="952" ind1=" " ind2=" ">
    <subfield code="0">0</subfield>
    <subfield code="1">0</subfield>
    <subfield code="2">ddc</subfield>
    <subfield code="4">0</subfield>
    <subfield code="7">0</subfield>
    <subfield code="a">12.27</subfield>
    <subfield code="b">12.27</subfield>
    <subfield code="d">2020-11-16</subfield>
    <subfield code="l">1</subfield>
    <subfield code="o">AP Year 4 [E] MOR</subfield>
    <subfield code="p">00051036AGC</subfield>
    <subfield code="q">2024-11-29</subfield>
    <subfield code="r">2024-02-26 17:16:26</subfield>
    <subfield code="s">2024-02-26</subfield>
    <subfield code="w">2024-01-23</subfield>
    <subfield code="y">TXB</subfield>
  </datafield>
  <datafield tag="952" ind1=" " ind2=" ">
    <subfield code="0">0</subfield>
    <subfield code="1">0</subfield>
    <subfield code="2">ddc</subfield>
    <subfield code="4">0</subfield>
    <subfield code="7">0</subfield>
    <subfield code="a">12.27</subfield>
    <subfield code="b">12.27</subfield>
    <subfield code="d">2020-11-16</subfield>
    <subfield code="l">1</subfield>
    <subfield code="o">AP Year 4 [E] MOR</subfield>
    <subfield code="p">00051037AGC</subfield>
    <subfield code="q">2024-11-29</subfield>
    <subfield code="r">2024-02-19 19:13:20</subfield>
    <subfield code="s">2024-02-19</subfield>
    <subfield code="w">2024-01-23</subfield>
    <subfield code="y">TXB</subfield>
  </datafield>
  <datafield tag="952" ind1=" " ind2=" ">
    <subfield code="0">0</subfield>
    <subfield code="1">0</subfield>
    <subfield code="2">ddc</subfield>
    <subfield code="4">0</subfield>
    <subfield code="7">0</subfield>
    <subfield code="a">12.27</subfield>
    <subfield code="b">12.27</subfield>
    <subfield code="d">2020-11-16</subfield>
    <subfield code="l">0</subfield>
    <subfield code="o">AP Year 4 [E] MOR</subfield>
    <subfield code="p">00051038AGC</subfield>
    <subfield code="r">2024-01-23 14:43:32</subfield>
    <subfield code="w">2024-01-23</subfield>
    <subfield code="y">TXB</subfield>
  </datafield>
  <datafield tag="952" ind1=" " ind2=" ">
    <subfield code="0">0</subfield>
    <subfield code="1">0</subfield>
    <subfield code="2">ddc</subfield>
    <subfield code="4">0</subfield>
    <subfield code="7">0</subfield>
    <subfield code="a">12.27</subfield>
    <subfield code="b">12.27</subfield>
    <subfield code="d">2020-11-16</subfield>
    <subfield code="l">0</subfield>
    <subfield code="o">AP Year 4 [E] MOR</subfield>
    <subfield code="p">00051039AGC</subfield>
    <subfield code="r">2024-01-23 14:43:32</subfield>
    <subfield code="w">2024-01-23</subfield>
    <subfield code="y">TXB</subfield>
  </datafield>
  <datafield tag="952" ind1=" " ind2=" ">
    <subfield code="0">0</subfield>
    <subfield code="1">0</subfield>
    <subfield code="2">ddc</subfield>
    <subfield code="4">0</subfield>
    <subfield code="7">0</subfield>
    <subfield code="a">12.27</subfield>
    <subfield code="b">12.27</subfield>
    <subfield code="d">2020-11-16</subfield>
    <subfield code="l">0</subfield>
    <subfield code="o">AP Year 4 [E] MOR</subfield>
    <subfield code="p">00051040AGC</subfield>
    <subfield code="r">2024-01-23 14:43:33</subfield>
    <subfield code="w">2024-01-23</subfield>
    <subfield code="y">TXB</subfield>
  </datafield>
  <datafield tag="952" ind1=" " ind2=" ">
    <subfield code="0">0</subfield>
    <subfield code="1">0</subfield>
    <subfield code="2">ddc</subfield>
    <subfield code="4">0</subfield>
    <subfield code="7">0</subfield>
    <subfield code="a">12.27</subfield>
    <subfield code="b">12.27</subfield>
    <subfield code="d">2020-11-16</subfield>
    <subfield code="l">0</subfield>
    <subfield code="o">AP Year 4 [E] MOR</subfield>
    <subfield code="p">00051041AGC</subfield>
    <subfield code="r">2024-01-23 14:43:33</subfield>
    <subfield code="w">2024-01-23</subfield>
    <subfield code="y">TXB</subfield>
  </datafield>
  <datafield tag="952" ind1=" " ind2=" ">
    <subfield code="0">0</subfield>
    <subfield code="1">0</subfield>
    <subfield code="2">ddc</subfield>
    <subfield code="4">0</subfield>
    <subfield code="7">0</subfield>
    <subfield code="a">12.27</subfield>
    <subfield code="b">12.27</subfield>
    <subfield code="d">2020-11-16</subfield>
    <subfield code="l">0</subfield>
    <subfield code="o">AP Year 4 [E] MOR</subfield>
    <subfield code="p">00051042AGC</subfield>
    <subfield code="r">2024-01-23 14:43:33</subfield>
    <subfield code="w">2024-01-23</subfield>
    <subfield code="y">TXB</subfield>
  </datafield>
  <datafield tag="952" ind1=" " ind2=" ">
    <subfield code="0">0</subfield>
    <subfield code="1">0</subfield>
    <subfield code="2">ddc</subfield>
    <subfield code="4">0</subfield>
    <subfield code="7">0</subfield>
    <subfield code="a">12.27</subfield>
    <subfield code="b">12.27</subfield>
    <subfield code="d">2020-11-16</subfield>
    <subfield code="l">1</subfield>
    <subfield code="o">AP Year 4 [E] MOR</subfield>
    <subfield code="p">00051043AGC</subfield>
    <subfield code="q">2024-11-29</subfield>
    <subfield code="r">2024-02-19 19:03:50</subfield>
    <subfield code="s">2024-02-19</subfield>
    <subfield code="w">2024-01-23</subfield>
    <subfield code="y">TXB</subfield>
  </datafield>
  <datafield tag="952" ind1=" " ind2=" ">
    <subfield code="0">0</subfield>
    <subfield code="1">0</subfield>
    <subfield code="2">ddc</subfield>
    <subfield code="4">0</subfield>
    <subfield code="7">0</subfield>
    <subfield code="a">12.27</subfield>
    <subfield code="b">12.27</subfield>
    <subfield code="d">2020-11-16</subfield>
    <subfield code="l">1</subfield>
    <subfield code="o">AP Year 4 [E] MOR</subfield>
    <subfield code="p">00051011AGC</subfield>
    <subfield code="q">2024-11-29</subfield>
    <subfield code="r">2024-04-15 16:51:23</subfield>
    <subfield code="s">2024-04-15</subfield>
    <subfield code="w">2024-01-23</subfield>
    <subfield code="y">TXB</subfield>
  </datafield>
  <datafield tag="952" ind1=" " ind2=" ">
    <subfield code="0">0</subfield>
    <subfield code="1">0</subfield>
    <subfield code="2">ddc</subfield>
    <subfield code="4">0</subfield>
    <subfield code="7">0</subfield>
    <subfield code="a">12.27</subfield>
    <subfield code="b">12.27</subfield>
    <subfield code="d">2020-11-16</subfield>
    <subfield code="l">1</subfield>
    <subfield code="o">AP Year 4 [E] MOR</subfield>
    <subfield code="p">00051012AGC</subfield>
    <subfield code="q">2024-11-29</subfield>
    <subfield code="r">2024-02-19 19:17:24</subfield>
    <subfield code="s">2024-02-19</subfield>
    <subfield code="w">2024-01-23</subfield>
    <subfield code="y">TXB</subfield>
  </datafield>
  <datafield tag="952" ind1=" " ind2=" ">
    <subfield code="0">0</subfield>
    <subfield code="1">0</subfield>
    <subfield code="2">ddc</subfield>
    <subfield code="4">0</subfield>
    <subfield code="7">0</subfield>
    <subfield code="a">12.27</subfield>
    <subfield code="b">12.27</subfield>
    <subfield code="d">2020-11-16</subfield>
    <subfield code="l">0</subfield>
    <subfield code="o">AP Year 4 [E] MOR</subfield>
    <subfield code="p">00051013AGC</subfield>
    <subfield code="r">2024-01-23 14:43:33</subfield>
    <subfield code="w">2024-01-23</subfield>
    <subfield code="y">TXB</subfield>
  </datafield>
  <datafield tag="952" ind1=" " ind2=" ">
    <subfield code="0">0</subfield>
    <subfield code="1">0</subfield>
    <subfield code="2">ddc</subfield>
    <subfield code="4">0</subfield>
    <subfield code="7">0</subfield>
    <subfield code="a">12.27</subfield>
    <subfield code="b">12.27</subfield>
    <subfield code="d">2020-11-16</subfield>
    <subfield code="l">1</subfield>
    <subfield code="o">AP Year 4 [E] MOR</subfield>
    <subfield code="p">00051014AGC</subfield>
    <subfield code="q">2024-11-29</subfield>
    <subfield code="r">2024-02-26 17:21:23</subfield>
    <subfield code="s">2024-02-26</subfield>
    <subfield code="w">2024-01-23</subfield>
    <subfield code="y">TXB</subfield>
  </datafield>
  <datafield tag="952" ind1=" " ind2=" ">
    <subfield code="0">0</subfield>
    <subfield code="1">0</subfield>
    <subfield code="2">ddc</subfield>
    <subfield code="4">0</subfield>
    <subfield code="7">0</subfield>
    <subfield code="a">12.27</subfield>
    <subfield code="b">12.27</subfield>
    <subfield code="d">2020-11-16</subfield>
    <subfield code="l">0</subfield>
    <subfield code="o">AP Year 4 [E] MOR</subfield>
    <subfield code="p">00051015AGC</subfield>
    <subfield code="r">2024-01-23 14:43:33</subfield>
    <subfield code="w">2024-01-23</subfield>
    <subfield code="y">TXB</subfield>
  </datafield>
  <datafield tag="952" ind1=" " ind2=" ">
    <subfield code="0">0</subfield>
    <subfield code="1">0</subfield>
    <subfield code="2">ddc</subfield>
    <subfield code="4">0</subfield>
    <subfield code="7">0</subfield>
    <subfield code="a">12.27</subfield>
    <subfield code="b">12.27</subfield>
    <subfield code="d">2020-11-16</subfield>
    <subfield code="l">1</subfield>
    <subfield code="o">AP Year 4 [E] MOR</subfield>
    <subfield code="p">00051016AGC</subfield>
    <subfield code="q">2024-11-29</subfield>
    <subfield code="r">2024-02-27 11:20:29</subfield>
    <subfield code="s">2024-02-27</subfield>
    <subfield code="w">2024-01-23</subfield>
    <subfield code="y">TXB</subfield>
  </datafield>
  <datafield tag="952" ind1=" " ind2=" ">
    <subfield code="0">0</subfield>
    <subfield code="1">0</subfield>
    <subfield code="2">ddc</subfield>
    <subfield code="4">0</subfield>
    <subfield code="7">0</subfield>
    <subfield code="a">12.27</subfield>
    <subfield code="b">12.27</subfield>
    <subfield code="d">2020-11-16</subfield>
    <subfield code="l">1</subfield>
    <subfield code="o">AP Year 4 [E] MOR</subfield>
    <subfield code="p">00051017AGC</subfield>
    <subfield code="q">2024-11-29</subfield>
    <subfield code="r">2024-02-19 19:08:17</subfield>
    <subfield code="s">2024-02-19</subfield>
    <subfield code="w">2024-01-23</subfield>
    <subfield code="y">TXB</subfield>
  </datafield>
  <datafield tag="952" ind1=" " ind2=" ">
    <subfield code="0">0</subfield>
    <subfield code="1">0</subfield>
    <subfield code="2">ddc</subfield>
    <subfield code="4">0</subfield>
    <subfield code="7">0</subfield>
    <subfield code="a">12.27</subfield>
    <subfield code="b">12.27</subfield>
    <subfield code="d">2020-11-16</subfield>
    <subfield code="l">1</subfield>
    <subfield code="o">AP Year 4 [E] MOR</subfield>
    <subfield code="p">00051018AGC</subfield>
    <subfield code="q">2024-11-29</subfield>
    <subfield code="r">2024-02-27 11:14:09</subfield>
    <subfield code="s">2024-02-27</subfield>
    <subfield code="w">2024-01-23</subfield>
    <subfield code="y">TXB</subfield>
  </datafield>
  <datafield tag="952" ind1=" " ind2=" ">
    <subfield code="0">0</subfield>
    <subfield code="1">0</subfield>
    <subfield code="2">ddc</subfield>
    <subfield code="4">0</subfield>
    <subfield code="7">0</subfield>
    <subfield code="a">12.27</subfield>
    <subfield code="b">12.27</subfield>
    <subfield code="d">2020-11-16</subfield>
    <subfield code="l">1</subfield>
    <subfield code="o">AP Year 4 [E] MOR</subfield>
    <subfield code="p">00051019AGC</subfield>
    <subfield code="q">2024-11-29</subfield>
    <subfield code="r">2024-02-26 17:01:38</subfield>
    <subfield code="s">2024-02-26</subfield>
    <subfield code="w">2024-01-23</subfield>
    <subfield code="y">TXB</subfield>
  </datafield>
  <datafield tag="952" ind1=" " ind2=" ">
    <subfield code="0">0</subfield>
    <subfield code="1">0</subfield>
    <subfield code="2">ddc</subfield>
    <subfield code="4">0</subfield>
    <subfield code="7">0</subfield>
    <subfield code="a">12.27</subfield>
    <subfield code="b">12.27</subfield>
    <subfield code="d">2020-11-16</subfield>
    <subfield code="l">1</subfield>
    <subfield code="o">AP Year 4 [E] MOR</subfield>
    <subfield code="p">00051020AGC</subfield>
    <subfield code="q">2024-11-29</subfield>
    <subfield code="r">2024-02-26 17:12:21</subfield>
    <subfield code="s">2024-02-26</subfield>
    <subfield code="w">2024-01-23</subfield>
    <subfield code="y">TXB</subfield>
  </datafield>
  <datafield tag="952" ind1=" " ind2=" ">
    <subfield code="0">0</subfield>
    <subfield code="1">0</subfield>
    <subfield code="2">ddc</subfield>
    <subfield code="4">0</subfield>
    <subfield code="7">0</subfield>
    <subfield code="a">12.27</subfield>
    <subfield code="b">12.27</subfield>
    <subfield code="d">2020-11-16</subfield>
    <subfield code="l">0</subfield>
    <subfield code="o">AP Year 4 [E] MOR</subfield>
    <subfield code="p">00051021AGC</subfield>
    <subfield code="r">2024-01-23 14:43:33</subfield>
    <subfield code="w">2024-01-23</subfield>
    <subfield code="y">TXB</subfield>
  </datafield>
  <datafield tag="952" ind1=" " ind2=" ">
    <subfield code="0">0</subfield>
    <subfield code="1">0</subfield>
    <subfield code="2">ddc</subfield>
    <subfield code="4">0</subfield>
    <subfield code="7">0</subfield>
    <subfield code="a">12.27</subfield>
    <subfield code="b">12.27</subfield>
    <subfield code="d">2020-11-16</subfield>
    <subfield code="l">1</subfield>
    <subfield code="o">AP Year 4 [E] MOR</subfield>
    <subfield code="p">00051022AGC</subfield>
    <subfield code="q">2024-11-29</subfield>
    <subfield code="r">2024-02-19 19:04:54</subfield>
    <subfield code="s">2024-02-19</subfield>
    <subfield code="w">2024-01-23</subfield>
    <subfield code="y">TXB</subfield>
  </datafield>
  <datafield tag="952" ind1=" " ind2=" ">
    <subfield code="0">0</subfield>
    <subfield code="1">0</subfield>
    <subfield code="2">ddc</subfield>
    <subfield code="4">0</subfield>
    <subfield code="7">0</subfield>
    <subfield code="a">12.27</subfield>
    <subfield code="b">12.27</subfield>
    <subfield code="d">2020-11-16</subfield>
    <subfield code="l">0</subfield>
    <subfield code="o">AP Year 4 [E] MOR</subfield>
    <subfield code="p">00051023AGC</subfield>
    <subfield code="r">2024-01-23 14:43:33</subfield>
    <subfield code="w">2024-01-23</subfield>
    <subfield code="y">TXB</subfield>
  </datafield>
  <datafield tag="952" ind1=" " ind2=" ">
    <subfield code="0">0</subfield>
    <subfield code="1">0</subfield>
    <subfield code="2">ddc</subfield>
    <subfield code="4">0</subfield>
    <subfield code="7">0</subfield>
    <subfield code="a">12.27</subfield>
    <subfield code="b">12.27</subfield>
    <subfield code="d">2020-11-16</subfield>
    <subfield code="l">1</subfield>
    <subfield code="o">AP Year 4 [E] MOR</subfield>
    <subfield code="p">00051024AGC</subfield>
    <subfield code="q">2024-11-29</subfield>
    <subfield code="r">2024-02-27 11:18:13</subfield>
    <subfield code="s">2024-02-27</subfield>
    <subfield code="w">2024-01-23</subfield>
    <subfield code="y">TXB</subfield>
  </datafield>
  <datafield tag="952" ind1=" " ind2=" ">
    <subfield code="0">0</subfield>
    <subfield code="1">0</subfield>
    <subfield code="2">ddc</subfield>
    <subfield code="4">0</subfield>
    <subfield code="7">0</subfield>
    <subfield code="a">12.27</subfield>
    <subfield code="b">12.27</subfield>
    <subfield code="d">2020-11-16</subfield>
    <subfield code="l">0</subfield>
    <subfield code="o">AP Year 4 [E] MOR</subfield>
    <subfield code="p">00051025AGC</subfield>
    <subfield code="r">2024-01-23 14:43:33</subfield>
    <subfield code="w">2024-01-23</subfield>
    <subfield code="y">TXB</subfield>
  </datafield>
  <datafield tag="952" ind1=" " ind2=" ">
    <subfield code="0">0</subfield>
    <subfield code="1">0</subfield>
    <subfield code="2">ddc</subfield>
    <subfield code="4">0</subfield>
    <subfield code="7">0</subfield>
    <subfield code="a">12.27</subfield>
    <subfield code="b">12.27</subfield>
    <subfield code="d">2020-11-16</subfield>
    <subfield code="l">0</subfield>
    <subfield code="o">AP Year 4 [E] MOR</subfield>
    <subfield code="p">00051026AGC</subfield>
    <subfield code="r">2024-01-23 14:43:33</subfield>
    <subfield code="w">2024-01-23</subfield>
    <subfield code="y">TXB</subfield>
  </datafield>
  <datafield tag="952" ind1=" " ind2=" ">
    <subfield code="0">0</subfield>
    <subfield code="1">0</subfield>
    <subfield code="2">ddc</subfield>
    <subfield code="4">0</subfield>
    <subfield code="7">0</subfield>
    <subfield code="a">12.27</subfield>
    <subfield code="b">12.27</subfield>
    <subfield code="d">2020-11-16</subfield>
    <subfield code="l">2</subfield>
    <subfield code="o">AP Year 4 [E] MOR</subfield>
    <subfield code="p">00051027AGC</subfield>
    <subfield code="r">2024-10-28 15:21:31</subfield>
    <subfield code="s">2024-05-28</subfield>
    <subfield code="w">2024-01-23</subfield>
    <subfield code="y">TXB</subfield>
  </datafield>
  <datafield tag="952" ind1=" " ind2=" ">
    <subfield code="0">0</subfield>
    <subfield code="1">0</subfield>
    <subfield code="2">ddc</subfield>
    <subfield code="4">0</subfield>
    <subfield code="7">0</subfield>
    <subfield code="a">12.27</subfield>
    <subfield code="b">12.27</subfield>
    <subfield code="d">2021-11-12</subfield>
    <subfield code="l">1</subfield>
    <subfield code="o">AP Year 4 [E] MOR</subfield>
    <subfield code="p">00055703AGC</subfield>
    <subfield code="q">2024-11-29</subfield>
    <subfield code="r">2024-02-27 11:10:47</subfield>
    <subfield code="s">2024-02-27</subfield>
    <subfield code="w">2024-01-23</subfield>
    <subfield code="y">TXB</subfield>
  </datafield>
  <datafield tag="952" ind1=" " ind2=" ">
    <subfield code="0">0</subfield>
    <subfield code="1">0</subfield>
    <subfield code="2">ddc</subfield>
    <subfield code="4">0</subfield>
    <subfield code="7">0</subfield>
    <subfield code="a">12.27</subfield>
    <subfield code="b">12.27</subfield>
    <subfield code="d">2021-11-12</subfield>
    <subfield code="l">0</subfield>
    <subfield code="o">AP Year 4 [E] MOR</subfield>
    <subfield code="p">00055704AGC</subfield>
    <subfield code="r">2024-01-23 14:43:33</subfield>
    <subfield code="w">2024-01-23</subfield>
    <subfield code="y">TXB</subfield>
  </datafield>
  <datafield tag="952" ind1=" " ind2=" ">
    <subfield code="0">0</subfield>
    <subfield code="1">0</subfield>
    <subfield code="2">ddc</subfield>
    <subfield code="4">0</subfield>
    <subfield code="7">0</subfield>
    <subfield code="a">12.27</subfield>
    <subfield code="b">12.27</subfield>
    <subfield code="d">2021-11-12</subfield>
    <subfield code="l">1</subfield>
    <subfield code="o">AP Year 4 [E] MOR</subfield>
    <subfield code="p">00055705AGC</subfield>
    <subfield code="q">2024-11-29</subfield>
    <subfield code="r">2024-02-26 17:19:45</subfield>
    <subfield code="s">2024-02-26</subfield>
    <subfield code="w">2024-01-23</subfield>
    <subfield code="y">TXB</subfield>
  </datafield>
  <datafield tag="952" ind1=" " ind2=" ">
    <subfield code="0">0</subfield>
    <subfield code="1">0</subfield>
    <subfield code="2">ddc</subfield>
    <subfield code="4">0</subfield>
    <subfield code="7">0</subfield>
    <subfield code="a">12.27</subfield>
    <subfield code="b">12.27</subfield>
    <subfield code="d">2021-11-12</subfield>
    <subfield code="l">1</subfield>
    <subfield code="o">AP Year 4 [E] MOR</subfield>
    <subfield code="p">00055706AGC</subfield>
    <subfield code="q">2024-11-29</subfield>
    <subfield code="r">2024-02-27 11:08:15</subfield>
    <subfield code="s">2024-02-27</subfield>
    <subfield code="w">2024-01-23</subfield>
    <subfield code="y">TXB</subfield>
  </datafield>
  <datafield tag="952" ind1=" " ind2=" ">
    <subfield code="0">0</subfield>
    <subfield code="1">0</subfield>
    <subfield code="2">ddc</subfield>
    <subfield code="4">0</subfield>
    <subfield code="7">0</subfield>
    <subfield code="a">12.27</subfield>
    <subfield code="b">12.27</subfield>
    <subfield code="d">2021-11-12</subfield>
    <subfield code="l">1</subfield>
    <subfield code="o">AP Year 4 [E] MOR</subfield>
    <subfield code="p">00055707AGC</subfield>
    <subfield code="q">2024-11-29</subfield>
    <subfield code="r">2024-02-26 19:11:54</subfield>
    <subfield code="s">2024-02-26</subfield>
    <subfield code="w">2024-01-23</subfield>
    <subfield code="y">TXB</subfield>
  </datafield>
  <datafield tag="952" ind1=" " ind2=" ">
    <subfield code="0">0</subfield>
    <subfield code="1">0</subfield>
    <subfield code="2">ddc</subfield>
    <subfield code="4">0</subfield>
    <subfield code="7">0</subfield>
    <subfield code="a">12.27</subfield>
    <subfield code="b">12.27</subfield>
    <subfield code="d">2021-11-12</subfield>
    <subfield code="l">1</subfield>
    <subfield code="o">AP Year 4 [E] MOR</subfield>
    <subfield code="p">00055708AGC</subfield>
    <subfield code="q">2024-11-29</subfield>
    <subfield code="r">2024-02-26 17:03:52</subfield>
    <subfield code="s">2024-02-26</subfield>
    <subfield code="w">2024-01-23</subfield>
    <subfield code="y">TXB</subfield>
  </datafield>
  <datafield tag="952" ind1=" " ind2=" ">
    <subfield code="0">0</subfield>
    <subfield code="1">0</subfield>
    <subfield code="2">ddc</subfield>
    <subfield code="4">0</subfield>
    <subfield code="7">0</subfield>
    <subfield code="a">12.27</subfield>
    <subfield code="b">12.27</subfield>
    <subfield code="d">2021-11-12</subfield>
    <subfield code="l">1</subfield>
    <subfield code="o">AP Year 4 [E] MOR</subfield>
    <subfield code="p">00055709AGC</subfield>
    <subfield code="q">2024-11-29</subfield>
    <subfield code="r">2024-02-27 11:13:05</subfield>
    <subfield code="s">2024-02-27</subfield>
    <subfield code="w">2024-01-23</subfield>
    <subfield code="y">TXB</subfield>
  </datafield>
  <datafield tag="952" ind1=" " ind2=" ">
    <subfield code="0">0</subfield>
    <subfield code="1">0</subfield>
    <subfield code="2">ddc</subfield>
    <subfield code="4">0</subfield>
    <subfield code="7">0</subfield>
    <subfield code="a">12.27</subfield>
    <subfield code="b">12.27</subfield>
    <subfield code="d">2021-11-12</subfield>
    <subfield code="l">1</subfield>
    <subfield code="o">AP Year 4 [E] MOR</subfield>
    <subfield code="p">00055710AGC</subfield>
    <subfield code="q">2024-11-29</subfield>
    <subfield code="r">2024-02-27 11:12:04</subfield>
    <subfield code="s">2024-02-27</subfield>
    <subfield code="w">2024-01-23</subfield>
    <subfield code="y">TXB</subfield>
  </datafield>
  <datafield tag="952" ind1=" " ind2=" ">
    <subfield code="0">0</subfield>
    <subfield code="1">0</subfield>
    <subfield code="2">ddc</subfield>
    <subfield code="4">0</subfield>
    <subfield code="7">0</subfield>
    <subfield code="a">12.27</subfield>
    <subfield code="b">12.27</subfield>
    <subfield code="d">2021-11-12</subfield>
    <subfield code="l">1</subfield>
    <subfield code="o">AP Year 4 [E] MOR</subfield>
    <subfield code="p">00055711AGC</subfield>
    <subfield code="q">2024-11-29</subfield>
    <subfield code="r">2024-02-26 17:02:54</subfield>
    <subfield code="s">2024-02-26</subfield>
    <subfield code="w">2024-01-23</subfield>
    <subfield code="y">TXB</subfield>
  </datafield>
  <datafield tag="952" ind1=" " ind2=" ">
    <subfield code="0">0</subfield>
    <subfield code="1">0</subfield>
    <subfield code="2">ddc</subfield>
    <subfield code="4">0</subfield>
    <subfield code="7">0</subfield>
    <subfield code="a">12.27</subfield>
    <subfield code="b">12.27</subfield>
    <subfield code="d">2021-11-12</subfield>
    <subfield code="l">1</subfield>
    <subfield code="o">AP Year 4 [E] MOR</subfield>
    <subfield code="p">00055712AGC</subfield>
    <subfield code="q">2024-11-29</subfield>
    <subfield code="r">2024-02-26 16:58:57</subfield>
    <subfield code="s">2024-02-26</subfield>
    <subfield code="w">2024-01-23</subfield>
    <subfield code="y">TXB</subfield>
  </datafield>
  <datafield tag="952" ind1=" " ind2=" ">
    <subfield code="0">0</subfield>
    <subfield code="1">0</subfield>
    <subfield code="2">ddc</subfield>
    <subfield code="4">0</subfield>
    <subfield code="7">0</subfield>
    <subfield code="a">12.27</subfield>
    <subfield code="b">12.27</subfield>
    <subfield code="d">2021-11-12</subfield>
    <subfield code="l">1</subfield>
    <subfield code="o">AP Year 4 [E] MOR</subfield>
    <subfield code="p">00055713AGC</subfield>
    <subfield code="q">2024-11-29</subfield>
    <subfield code="r">2024-02-26 17:09:42</subfield>
    <subfield code="s">2024-02-26</subfield>
    <subfield code="w">2024-01-23</subfield>
    <subfield code="y">TXB</subfield>
  </datafield>
  <datafield tag="952" ind1=" " ind2=" ">
    <subfield code="0">0</subfield>
    <subfield code="1">0</subfield>
    <subfield code="2">ddc</subfield>
    <subfield code="4">0</subfield>
    <subfield code="7">0</subfield>
    <subfield code="a">12.27</subfield>
    <subfield code="b">12.27</subfield>
    <subfield code="d">2021-11-12</subfield>
    <subfield code="l">1</subfield>
    <subfield code="o">AP Year 4 [E] MOR</subfield>
    <subfield code="p">00055714AGC</subfield>
    <subfield code="q">2024-11-29</subfield>
    <subfield code="r">2024-02-26 19:06:58</subfield>
    <subfield code="s">2024-02-26</subfield>
    <subfield code="w">2024-01-23</subfield>
    <subfield code="y">TXB</subfield>
  </datafield>
  <datafield tag="952" ind1=" " ind2=" ">
    <subfield code="0">0</subfield>
    <subfield code="1">0</subfield>
    <subfield code="2">ddc</subfield>
    <subfield code="4">0</subfield>
    <subfield code="7">0</subfield>
    <subfield code="a">12.27</subfield>
    <subfield code="b">12.27</subfield>
    <subfield code="d">2021-11-12</subfield>
    <subfield code="l">1</subfield>
    <subfield code="o">AP Year 4 [E] MOR</subfield>
    <subfield code="p">00055715AGC</subfield>
    <subfield code="q">2024-11-29</subfield>
    <subfield code="r">2024-02-26 19:13:20</subfield>
    <subfield code="s">2024-02-26</subfield>
    <subfield code="w">2024-01-23</subfield>
    <subfield code="y">TXB</subfield>
  </datafield>
  <datafield tag="952" ind1=" " ind2=" ">
    <subfield code="0">0</subfield>
    <subfield code="1">0</subfield>
    <subfield code="2">ddc</subfield>
    <subfield code="4">0</subfield>
    <subfield code="7">0</subfield>
    <subfield code="a">12.27</subfield>
    <subfield code="b">12.27</subfield>
    <subfield code="d">2021-11-12</subfield>
    <subfield code="l">0</subfield>
    <subfield code="o">AP Year 4 [E] MOR</subfield>
    <subfield code="p">00055716AGC</subfield>
    <subfield code="r">2024-01-23 14:43:34</subfield>
    <subfield code="w">2024-01-23</subfield>
    <subfield code="y">TXB</subfield>
  </datafield>
  <datafield tag="952" ind1=" " ind2=" ">
    <subfield code="0">0</subfield>
    <subfield code="1">0</subfield>
    <subfield code="2">ddc</subfield>
    <subfield code="4">0</subfield>
    <subfield code="7">0</subfield>
    <subfield code="a">12.27</subfield>
    <subfield code="b">12.27</subfield>
    <subfield code="d">2021-11-12</subfield>
    <subfield code="l">1</subfield>
    <subfield code="o">AP Year 4 [E] MOR</subfield>
    <subfield code="p">00055717AGC</subfield>
    <subfield code="q">2024-11-29</subfield>
    <subfield code="r">2024-02-26 16:59:49</subfield>
    <subfield code="s">2024-02-26</subfield>
    <subfield code="w">2024-01-23</subfield>
    <subfield code="y">TXB</subfield>
  </datafield>
  <datafield tag="952" ind1=" " ind2=" ">
    <subfield code="0">0</subfield>
    <subfield code="1">0</subfield>
    <subfield code="2">ddc</subfield>
    <subfield code="4">0</subfield>
    <subfield code="7">0</subfield>
    <subfield code="a">12.27</subfield>
    <subfield code="b">12.27</subfield>
    <subfield code="d">2021-11-12</subfield>
    <subfield code="l">1</subfield>
    <subfield code="o">AP Year 4 [E] MOR</subfield>
    <subfield code="p">00055718AGC</subfield>
    <subfield code="q">2024-11-29</subfield>
    <subfield code="r">2024-02-26 17:13:30</subfield>
    <subfield code="s">2024-02-26</subfield>
    <subfield code="w">2024-01-23</subfield>
    <subfield code="y">TXB</subfield>
  </datafield>
  <datafield tag="952" ind1=" " ind2=" ">
    <subfield code="0">0</subfield>
    <subfield code="1">0</subfield>
    <subfield code="2">ddc</subfield>
    <subfield code="4">0</subfield>
    <subfield code="7">0</subfield>
    <subfield code="a">12.27</subfield>
    <subfield code="b">12.27</subfield>
    <subfield code="d">2021-11-12</subfield>
    <subfield code="l">0</subfield>
    <subfield code="o">AP Year 4 [E] MOR</subfield>
    <subfield code="p">00055719AGC</subfield>
    <subfield code="r">2024-01-23 14:43:34</subfield>
    <subfield code="w">2024-01-23</subfield>
    <subfield code="y">TXB</subfield>
  </datafield>
  <datafield tag="952" ind1=" " ind2=" ">
    <subfield code="0">0</subfield>
    <subfield code="1">0</subfield>
    <subfield code="2">ddc</subfield>
    <subfield code="4">0</subfield>
    <subfield code="7">0</subfield>
    <subfield code="a">12.27</subfield>
    <subfield code="b">12.27</subfield>
    <subfield code="d">2021-11-12</subfield>
    <subfield code="l">0</subfield>
    <subfield code="o">AP Year 4 [E] MOR</subfield>
    <subfield code="p">00055720AGC</subfield>
    <subfield code="r">2024-01-23 14:43:34</subfield>
    <subfield code="w">2024-01-23</subfield>
    <subfield code="y">TXB</subfield>
  </datafield>
  <datafield tag="952" ind1=" " ind2=" ">
    <subfield code="0">0</subfield>
    <subfield code="1">0</subfield>
    <subfield code="2">ddc</subfield>
    <subfield code="4">0</subfield>
    <subfield code="7">0</subfield>
    <subfield code="a">12.27</subfield>
    <subfield code="b">12.27</subfield>
    <subfield code="d">2021-11-12</subfield>
    <subfield code="l">0</subfield>
    <subfield code="o">AP Year 4 [E] MOR</subfield>
    <subfield code="p">00055721AGC</subfield>
    <subfield code="r">2024-01-23 14:43:34</subfield>
    <subfield code="w">2024-01-23</subfield>
    <subfield code="y">TXB</subfield>
  </datafield>
  <datafield tag="952" ind1=" " ind2=" ">
    <subfield code="0">0</subfield>
    <subfield code="1">0</subfield>
    <subfield code="2">ddc</subfield>
    <subfield code="4">0</subfield>
    <subfield code="7">0</subfield>
    <subfield code="a">12.27</subfield>
    <subfield code="b">12.27</subfield>
    <subfield code="d">2021-11-12</subfield>
    <subfield code="l">0</subfield>
    <subfield code="o">AP Year 4 [E] MOR</subfield>
    <subfield code="p">00055722AGC</subfield>
    <subfield code="r">2024-01-23 14:43:34</subfield>
    <subfield code="w">2024-01-23</subfield>
    <subfield code="y">TXB</subfield>
  </datafield>
  <datafield tag="952" ind1=" " ind2=" ">
    <subfield code="0">0</subfield>
    <subfield code="1">0</subfield>
    <subfield code="2">ddc</subfield>
    <subfield code="4">0</subfield>
    <subfield code="7">0</subfield>
    <subfield code="a">12.27</subfield>
    <subfield code="b">12.27</subfield>
    <subfield code="d">2021-11-12</subfield>
    <subfield code="l">1</subfield>
    <subfield code="o">AP Year 4 [E] MOR</subfield>
    <subfield code="p">00055723AGC</subfield>
    <subfield code="q">2024-11-29</subfield>
    <subfield code="r">2024-02-19 19:10:19</subfield>
    <subfield code="s">2024-02-19</subfield>
    <subfield code="w">2024-01-23</subfield>
    <subfield code="y">TXB</subfield>
  </datafield>
  <datafield tag="952" ind1=" " ind2=" ">
    <subfield code="0">0</subfield>
    <subfield code="1">0</subfield>
    <subfield code="2">ddc</subfield>
    <subfield code="4">0</subfield>
    <subfield code="7">0</subfield>
    <subfield code="a">12.27</subfield>
    <subfield code="b">12.27</subfield>
    <subfield code="d">2021-11-12</subfield>
    <subfield code="l">1</subfield>
    <subfield code="o">AP Year 4 [E] MOR</subfield>
    <subfield code="p">00055724AGC</subfield>
    <subfield code="r">2024-08-16 15:36:05</subfield>
    <subfield code="s">2024-02-26</subfield>
    <subfield code="w">2024-01-23</subfield>
    <subfield code="y">TXB</subfield>
  </datafield>
  <datafield tag="952" ind1=" " ind2=" ">
    <subfield code="0">0</subfield>
    <subfield code="1">0</subfield>
    <subfield code="2">ddc</subfield>
    <subfield code="4">0</subfield>
    <subfield code="7">0</subfield>
    <subfield code="a">12.27</subfield>
    <subfield code="b">12.27</subfield>
    <subfield code="d">2021-11-12</subfield>
    <subfield code="l">1</subfield>
    <subfield code="o">AP Year 4 [E] MOR</subfield>
    <subfield code="p">00055725AGC</subfield>
    <subfield code="r">2024-07-16 11:35:05</subfield>
    <subfield code="s">2024-03-27</subfield>
    <subfield code="w">2024-01-23</subfield>
    <subfield code="y">TXB</subfield>
  </datafield>
  <datafield tag="952" ind1=" " ind2=" ">
    <subfield code="0">0</subfield>
    <subfield code="1">0</subfield>
    <subfield code="2">ddc</subfield>
    <subfield code="4">0</subfield>
    <subfield code="7">0</subfield>
    <subfield code="a">12.27</subfield>
    <subfield code="b">12.27</subfield>
    <subfield code="d">2021-11-12</subfield>
    <subfield code="l">0</subfield>
    <subfield code="o">AP Year 4 [E] MOR</subfield>
    <subfield code="p">00055726AGC</subfield>
    <subfield code="r">2024-01-23 14:43:34</subfield>
    <subfield code="w">2024-01-23</subfield>
    <subfield code="y">TXB</subfield>
  </datafield>
  <datafield tag="952" ind1=" " ind2=" ">
    <subfield code="0">0</subfield>
    <subfield code="1">0</subfield>
    <subfield code="2">ddc</subfield>
    <subfield code="4">0</subfield>
    <subfield code="7">0</subfield>
    <subfield code="a">12.27</subfield>
    <subfield code="b">12.27</subfield>
    <subfield code="d">2021-11-12</subfield>
    <subfield code="l">1</subfield>
    <subfield code="o">AP Year 4 [E] MOR</subfield>
    <subfield code="p">00055727AGC</subfield>
    <subfield code="q">2024-11-29</subfield>
    <subfield code="r">2024-02-26 17:15:24</subfield>
    <subfield code="s">2024-02-26</subfield>
    <subfield code="w">2024-01-23</subfield>
    <subfield code="y">TXB</subfield>
  </datafield>
  <datafield tag="952" ind1=" " ind2=" ">
    <subfield code="0">0</subfield>
    <subfield code="1">0</subfield>
    <subfield code="2">ddc</subfield>
    <subfield code="4">0</subfield>
    <subfield code="7">0</subfield>
    <subfield code="a">12.27</subfield>
    <subfield code="b">12.27</subfield>
    <subfield code="d">2021-11-12</subfield>
    <subfield code="l">1</subfield>
    <subfield code="o">AP Year 4 [E] MOR</subfield>
    <subfield code="p">00055728AGC</subfield>
    <subfield code="q">2024-11-29</subfield>
    <subfield code="r">2024-02-27 11:05:33</subfield>
    <subfield code="s">2024-02-27</subfield>
    <subfield code="w">2024-01-23</subfield>
    <subfield code="y">TXB</subfield>
  </datafield>
  <datafield tag="952" ind1=" " ind2=" ">
    <subfield code="0">0</subfield>
    <subfield code="1">0</subfield>
    <subfield code="2">ddc</subfield>
    <subfield code="4">0</subfield>
    <subfield code="7">0</subfield>
    <subfield code="a">12.27</subfield>
    <subfield code="b">12.27</subfield>
    <subfield code="d">2021-11-12</subfield>
    <subfield code="l">1</subfield>
    <subfield code="o">AP Year 4 [E] MOR</subfield>
    <subfield code="p">00055729AGC</subfield>
    <subfield code="q">2024-11-29</subfield>
    <subfield code="r">2024-02-19 19:09:21</subfield>
    <subfield code="s">2024-02-19</subfield>
    <subfield code="w">2024-01-23</subfield>
    <subfield code="y">TXB</subfield>
  </datafield>
  <datafield tag="952" ind1=" " ind2=" ">
    <subfield code="0">0</subfield>
    <subfield code="1">0</subfield>
    <subfield code="2">ddc</subfield>
    <subfield code="4">0</subfield>
    <subfield code="7">0</subfield>
    <subfield code="a">12.27</subfield>
    <subfield code="b">12.27</subfield>
    <subfield code="d">2021-11-12</subfield>
    <subfield code="l">1</subfield>
    <subfield code="o">AP Year 4 [E] MOR</subfield>
    <subfield code="p">00055730AGC</subfield>
    <subfield code="q">2024-11-29</subfield>
    <subfield code="r">2024-02-26 19:09:36</subfield>
    <subfield code="s">2024-02-26</subfield>
    <subfield code="w">2024-01-23</subfield>
    <subfield code="y">TXB</subfield>
  </datafield>
  <datafield tag="952" ind1=" " ind2=" ">
    <subfield code="0">0</subfield>
    <subfield code="1">0</subfield>
    <subfield code="2">ddc</subfield>
    <subfield code="4">0</subfield>
    <subfield code="7">0</subfield>
    <subfield code="a">12.27</subfield>
    <subfield code="b">12.27</subfield>
    <subfield code="d">2021-11-12</subfield>
    <subfield code="l">1</subfield>
    <subfield code="o">AP Year 4 [E] MOR</subfield>
    <subfield code="p">00055731AGC</subfield>
    <subfield code="q">2024-11-29</subfield>
    <subfield code="r">2024-02-19 19:06:03</subfield>
    <subfield code="s">2024-02-19</subfield>
    <subfield code="w">2024-01-23</subfield>
    <subfield code="y">TXB</subfield>
  </datafield>
  <datafield tag="952" ind1=" " ind2=" ">
    <subfield code="0">0</subfield>
    <subfield code="1">0</subfield>
    <subfield code="2">ddc</subfield>
    <subfield code="4">0</subfield>
    <subfield code="7">0</subfield>
    <subfield code="a">12.27</subfield>
    <subfield code="b">12.27</subfield>
    <subfield code="d">2021-11-12</subfield>
    <subfield code="l">1</subfield>
    <subfield code="o">AP Year 4 [E] MOR</subfield>
    <subfield code="p">00055732AGC</subfield>
    <subfield code="q">2024-11-29</subfield>
    <subfield code="r">2024-02-19 19:16:35</subfield>
    <subfield code="s">2024-02-19</subfield>
    <subfield code="w">2024-01-23</subfield>
    <subfield code="y">TXB</subfield>
  </datafield>
  <datafield tag="952" ind1=" " ind2=" ">
    <subfield code="0">0</subfield>
    <subfield code="1">0</subfield>
    <subfield code="2">ddc</subfield>
    <subfield code="4">0</subfield>
    <subfield code="7">0</subfield>
    <subfield code="a">12.27</subfield>
    <subfield code="b">12.27</subfield>
    <subfield code="d">2021-11-12</subfield>
    <subfield code="l">0</subfield>
    <subfield code="o">AP Year 4 [E] MOR</subfield>
    <subfield code="p">00055733AGC</subfield>
    <subfield code="r">2024-01-23 14:43:34</subfield>
    <subfield code="w">2024-01-23</subfield>
    <subfield code="y">TXB</subfield>
  </datafield>
  <datafield tag="952" ind1=" " ind2=" ">
    <subfield code="0">0</subfield>
    <subfield code="1">0</subfield>
    <subfield code="2">ddc</subfield>
    <subfield code="4">0</subfield>
    <subfield code="7">0</subfield>
    <subfield code="a">12.28</subfield>
    <subfield code="b">12.28</subfield>
    <subfield code="d">2022-01-11</subfield>
    <subfield code="l">0</subfield>
    <subfield code="o">P Year 4 [E] MOR</subfield>
    <subfield code="p">00056013SSW</subfield>
    <subfield code="r">2024-01-23 14:43:34</subfield>
    <subfield code="w">2024-01-23</subfield>
    <subfield code="y">TXB</subfield>
  </datafield>
  <datafield tag="952" ind1=" " ind2=" ">
    <subfield code="0">0</subfield>
    <subfield code="1">0</subfield>
    <subfield code="2">ddc</subfield>
    <subfield code="4">0</subfield>
    <subfield code="7">0</subfield>
    <subfield code="a">12.28</subfield>
    <subfield code="b">12.28</subfield>
    <subfield code="d">2022-01-11</subfield>
    <subfield code="l">1</subfield>
    <subfield code="o">P Year 4 [E] MOR</subfield>
    <subfield code="p">00056014SSW</subfield>
    <subfield code="q">2024-11-29</subfield>
    <subfield code="r">2024-02-21 14:59:00</subfield>
    <subfield code="s">2024-02-21</subfield>
    <subfield code="w">2024-01-23</subfield>
    <subfield code="y">TXB</subfield>
  </datafield>
  <datafield tag="952" ind1=" " ind2=" ">
    <subfield code="0">0</subfield>
    <subfield code="1">0</subfield>
    <subfield code="2">ddc</subfield>
    <subfield code="4">0</subfield>
    <subfield code="7">0</subfield>
    <subfield code="a">12.28</subfield>
    <subfield code="b">12.28</subfield>
    <subfield code="d">2022-01-11</subfield>
    <subfield code="l">1</subfield>
    <subfield code="o">P Year 4 [E] MOR</subfield>
    <subfield code="p">00056015SSW</subfield>
    <subfield code="q">2024-11-29</subfield>
    <subfield code="r">2024-02-20 18:13:47</subfield>
    <subfield code="s">2024-02-20</subfield>
    <subfield code="w">2024-01-23</subfield>
    <subfield code="y">TXB</subfield>
  </datafield>
  <datafield tag="952" ind1=" " ind2=" ">
    <subfield code="0">0</subfield>
    <subfield code="1">0</subfield>
    <subfield code="2">ddc</subfield>
    <subfield code="4">0</subfield>
    <subfield code="7">0</subfield>
    <subfield code="a">12.28</subfield>
    <subfield code="b">12.28</subfield>
    <subfield code="d">2021-12-14</subfield>
    <subfield code="l">1</subfield>
    <subfield code="o">P Year 4 [E] MOR</subfield>
    <subfield code="p">00055993SSW</subfield>
    <subfield code="q">2024-11-29</subfield>
    <subfield code="r">2024-02-21 13:25:50</subfield>
    <subfield code="s">2024-02-21</subfield>
    <subfield code="w">2024-01-23</subfield>
    <subfield code="y">TXB</subfield>
  </datafield>
  <datafield tag="952" ind1=" " ind2=" ">
    <subfield code="0">0</subfield>
    <subfield code="1">0</subfield>
    <subfield code="2">ddc</subfield>
    <subfield code="4">0</subfield>
    <subfield code="7">0</subfield>
    <subfield code="a">12.28</subfield>
    <subfield code="b">12.28</subfield>
    <subfield code="d">2022-01-11</subfield>
    <subfield code="l">1</subfield>
    <subfield code="o">P Year 4 [E] MOR</subfield>
    <subfield code="p">00056016SSW</subfield>
    <subfield code="q">2024-11-29</subfield>
    <subfield code="r">2024-02-21 14:53:15</subfield>
    <subfield code="s">2024-02-21</subfield>
    <subfield code="w">2024-01-23</subfield>
    <subfield code="y">TXB</subfield>
  </datafield>
  <datafield tag="952" ind1=" " ind2=" ">
    <subfield code="0">0</subfield>
    <subfield code="1">0</subfield>
    <subfield code="2">ddc</subfield>
    <subfield code="4">0</subfield>
    <subfield code="7">0</subfield>
    <subfield code="a">12.28</subfield>
    <subfield code="b">12.28</subfield>
    <subfield code="d">2022-01-11</subfield>
    <subfield code="l">0</subfield>
    <subfield code="o">P Year 4 [E] MOR</subfield>
    <subfield code="p">00056017SSW</subfield>
    <subfield code="r">2024-01-23 14:43:34</subfield>
    <subfield code="w">2024-01-23</subfield>
    <subfield code="y">TXB</subfield>
  </datafield>
  <datafield tag="952" ind1=" " ind2=" ">
    <subfield code="0">0</subfield>
    <subfield code="1">0</subfield>
    <subfield code="2">ddc</subfield>
    <subfield code="4">0</subfield>
    <subfield code="7">0</subfield>
    <subfield code="a">12.28</subfield>
    <subfield code="b">12.28</subfield>
    <subfield code="d">2022-01-11</subfield>
    <subfield code="l">0</subfield>
    <subfield code="o">P Year 4 [E] MOR</subfield>
    <subfield code="p">00056018SSW</subfield>
    <subfield code="r">2024-01-23 14:43:34</subfield>
    <subfield code="w">2024-01-23</subfield>
    <subfield code="y">TXB</subfield>
  </datafield>
  <datafield tag="952" ind1=" " ind2=" ">
    <subfield code="0">0</subfield>
    <subfield code="1">0</subfield>
    <subfield code="2">ddc</subfield>
    <subfield code="4">0</subfield>
    <subfield code="7">0</subfield>
    <subfield code="a">12.28</subfield>
    <subfield code="b">12.28</subfield>
    <subfield code="d">2022-01-11</subfield>
    <subfield code="l">0</subfield>
    <subfield code="o">P Year 4 [E] MOR</subfield>
    <subfield code="p">00056019SSW</subfield>
    <subfield code="r">2024-01-23 14:43:34</subfield>
    <subfield code="w">2024-01-23</subfield>
    <subfield code="y">TXB</subfield>
  </datafield>
  <datafield tag="952" ind1=" " ind2=" ">
    <subfield code="0">0</subfield>
    <subfield code="1">0</subfield>
    <subfield code="2">ddc</subfield>
    <subfield code="4">0</subfield>
    <subfield code="7">0</subfield>
    <subfield code="a">12.28</subfield>
    <subfield code="b">12.28</subfield>
    <subfield code="d">2022-01-11</subfield>
    <subfield code="l">1</subfield>
    <subfield code="o">P Year 4 [E] MOR</subfield>
    <subfield code="p">00056020SSW</subfield>
    <subfield code="q">2024-11-29</subfield>
    <subfield code="r">2024-02-21 14:45:54</subfield>
    <subfield code="s">2024-02-21</subfield>
    <subfield code="w">2024-01-23</subfield>
    <subfield code="y">TXB</subfield>
  </datafield>
  <datafield tag="952" ind1=" " ind2=" ">
    <subfield code="0">0</subfield>
    <subfield code="1">0</subfield>
    <subfield code="2">ddc</subfield>
    <subfield code="4">0</subfield>
    <subfield code="7">0</subfield>
    <subfield code="a">12.28</subfield>
    <subfield code="b">12.28</subfield>
    <subfield code="d">2022-01-11</subfield>
    <subfield code="l">1</subfield>
    <subfield code="o">P Year 4 [E] MOR</subfield>
    <subfield code="p">00056021SSW</subfield>
    <subfield code="r">2024-04-09 14:48:13</subfield>
    <subfield code="s">2024-02-21</subfield>
    <subfield code="w">2024-01-23</subfield>
    <subfield code="y">TXB</subfield>
  </datafield>
  <datafield tag="952" ind1=" " ind2=" ">
    <subfield code="0">0</subfield>
    <subfield code="1">0</subfield>
    <subfield code="2">ddc</subfield>
    <subfield code="4">0</subfield>
    <subfield code="7">0</subfield>
    <subfield code="a">12.28</subfield>
    <subfield code="b">12.28</subfield>
    <subfield code="d">2022-01-11</subfield>
    <subfield code="l">0</subfield>
    <subfield code="o">P Year 4 [E] MOR</subfield>
    <subfield code="p">00056022SSW</subfield>
    <subfield code="r">2024-01-23 14:43:34</subfield>
    <subfield code="w">2024-01-23</subfield>
    <subfield code="y">TXB</subfield>
  </datafield>
  <datafield tag="952" ind1=" " ind2=" ">
    <subfield code="0">0</subfield>
    <subfield code="1">0</subfield>
    <subfield code="2">ddc</subfield>
    <subfield code="4">0</subfield>
    <subfield code="7">0</subfield>
    <subfield code="a">12.27</subfield>
    <subfield code="b">12.27</subfield>
    <subfield code="d">2021-02-23</subfield>
    <subfield code="l">1</subfield>
    <subfield code="o">AP Year 4 [E] MOR</subfield>
    <subfield code="p">00053354AGC</subfield>
    <subfield code="q">2024-11-29</subfield>
    <subfield code="r">2024-02-19 19:14:46</subfield>
    <subfield code="s">2024-02-19</subfield>
    <subfield code="w">2024-01-23</subfield>
    <subfield code="y">TXB</subfield>
  </datafield>
  <datafield tag="999" ind1=" " ind2=" ">
    <subfield code="c">110145</subfield>
    <subfield code="d">110145</subfield>
  </datafield>
</record>
